{"text_format":"3","workbook":"xlsx","n_sheets":13,"sheets":["1. Būvlaukuma sagatavošana","2. Zemes darbi","3. Pamati","4. Metāla konstrukcijas","5. Sienas","6. Jumts","7. Grīdas","8. Ailu aizpildījumi","9. Aprīkojums","Kopsavilkums","Koptāme","Pasūtītāja koptāme","Tehniski ekonomiskie rādītāji"],"read":"whole","date_system":"1900"}

{"sheet":"1. Būvlaukuma sagatavošana","index":0,"n_rows":29,"n_cols":16,"rows_kept":29,"merged":[[0,0,0,15],[1,0,1,15],[2,0,2,15],[8,13,8,14],[10,0,11,0],[10,1,11,1],[10,2,11,2],[10,3,11,3],[10,4,11,4],[10,5,10,10],[10,11,10,15],[23,2,23,3],[24,2,24,10],[25,2,25,10],[26,3,26,4],[26,5,26,7],[26,8,26,9],[32,0,32,15]]}
["Lokālā tāme Nr.1"]
["Būvlaukuma sagatavošana"]
["(darba veids vai konstruktīvā elementa nosaukums)"]
["Būves nosaukums Ferma 65 slaucamām govīm "]
["Objekta nosaukums: Lauksaimniecības ēka"]
["Objekta adrese: "]
["Pasūtījuma Nr."]
[]
["Tāme sastādīta 2015 gada tirgus cenās, pamatojoties uz AR/DVP daļas rasējumiem.                            ",{"$nulls":10},"Tāmes izmaksas ",null,{"$f":"P26","v":{"v":4033.4910999999993,"d":"€ 4,033.49"}}]
["Tāme sastādīta 2013. gada 22 novembrī"]
[" Nr.p.k."," Kods"," Darba nosaukums"," Mērvie-nība"," Dau-dzums"," Vienības izmaksas",{"$nulls":5}," Kopā uz visu apjomu"]
[{"$nulls":5}," laika norma (c/h)"," darba samaksas likme (EUR/h)"," darba alga (EUR)"," materiāli (EUR)"," mehā-nismi (EUR)"," kopā (EUR)"," darbietilpī-ba (c/h)"," darba alga (EUR)"," materiāli (EUR)"," mehā-nismi (EUR)"," summa (EUR)"]
[1,2,3,4,5,6,7,8,9,10,11,12,13,14,15,16]
[1,null,"Sarga mājiņa (2,5x2,5x2,5m)-1 gab","mēn.",6.39,{"$nulls":3},{"v":80,"d":"80.00"},null,{"$f":"SUM(H14:J14)","v":{"v":80,"d":"80.00"}},null,null,{"$f":"E14*I14","v":{"v":511.2,"d":"511.20"}},null,{"$f":"SUM(M14:O14)","v":{"v":511.2,"d":"511.20"}}]
["2.",null,"Strādājošo sadzīves telpas - moduļveida mājiņas (2.44x6.06 m, h=2.5 m) - 3 gab.","mēn.",6.39,{"$nulls":3},{"v":345,"d":"345.00"},null,{"$f":"SUM(H15:J15)","v":{"v":345,"d":"345.00"}},null,null,{"$f":"E15*I15","v":{"v":2204.5499999999997,"d":"2,204.55"}},null,{"$f":"SUM(M15:O15)","v":{"v":2204.5499999999997,"d":"2,204.55"}}]
["3.",null,"Biotualets īre ar apaklpošanu divas reizes mēnesī - TUFWAY standart - 2 gab.","mēn.",6.39,{"$nulls":3},{"v":65,"d":"65.00"},null,{"$f":"SUM(H16:J16)","v":{"v":65,"d":"65.00"}},null,null,{"v":415.34999999999997,"d":"415.35"},null,{"v":415.34999999999997,"d":"415.35"}]
["4.",null,"Būvgružu konteineri - Betafence AK8M3 (8m3) -   2 gab.","mēn.",6.39,{"$nulls":3},{"v":80,"d":"80.00"},null,{"v":80,"d":"80.00"},null,null,{"$f":"E17*I17","v":{"v":511.2,"d":"511.20"}},null,{"v":511.2,"d":"511.20"}]
["5.","03-01201","Elektrības izmakasas objektam, pagaidu elektropieslēgumu uzturēšana","kpl.",{"v":1,"d":"1.00"},{"v":1.7,"d":"1.70"},{"v":5.5,"d":"5.50"},{"$f":"G18*F18","v":9.35},{"v":12,"d":"12.00"},null,21.35,{"$f":"E18*F18","v":1.7},{"$f":"E18*H18","v":9.35},{"$f":"E18*I18","v":{"v":12,"d":"12.00"}},null,21.35]
["6.","03-01402","Pagaidu ūdensvada ierīkošana","kpl.",{"v":1,"d":"1.00"},{"v":3.8,"d":"3.80"},{"v":5.5,"d":"5.50"},{"v":20.9,"d":"20.90"},{"v":40.3,"d":"40.30"},null,{"$f":"SUM(H19:J19)","v":{"v":61.199999999999996,"d":"61.20"}},{"$f":"E19*F19","v":3.8},{"$f":"E19*H19","v":{"v":20.9,"d":"20.90"}},{"$f":"E19*I19","v":{"v":40.3,"d":"40.30"}},null,{"$f":"SUM(M19:O19)","v":{"v":61.199999999999996,"d":"61.20"}}]
["7.",null,"Pagaidu uzskaites un sadales ierīkošana celtniecības moduļu pieslēgšanai","gab.",{"v":1,"d":"1.00"},{"v":0.5,"d":"0.50"},{"v":5.5,"d":"5.50"},2.75,null,null,2.75,0.5,2.75,null,null,2.75]
["8.","03-00901","Objekta asu nospraušana","1 ass",{"v":4,"d":"4.00"},{"v":1.9,"d":"1.90"},{"v":5.5,"d":"5.50"},10.45,null,null,10.45,7.6,{"v":41.8,"d":"41.80"},null,null,{"v":41.8,"d":"41.80"}]
[null,null,"kokmateriāi asu nospraušanai","m2",{"v":14,"d":"14.00"},{"$nulls":3},4.65,null,4.65,null,null,{"v":65.10000000000001,"d":"65.10"},null,{"v":65.10000000000001,"d":"65.10"}]
[null,null,"koka brusas (50x50 mm)","m3",{"v":0.075,"d":"0.08"},{"$nulls":3},139.76,null,139.76,null,null,{"v":10.482,"d":"10.48"},null,{"v":10.482,"d":"10.48"}]
["  ","  "," Kopā",null,"  ","  ","  ","  ","  ","  ","  ",{"$f":"SUM(L14:L23)","v":{"v":13.6,"d":"13.60"}},{"$f":"SUM(M14:M23)","v":{"v":74.8,"d":"74.80"}},{"$f":"SUM(N14:N23)","v":{"v":3770.1819999999993,"d":"3770.18"}},{"$f":"SUM(O14:O23)","v":{"v":0,"d":"0.00"}},{"$f":"SUM(P14:P23)","v":{"v":3844.981999999999,"d":"3844.98"}}]
["  ","  "," Materiālu, grunts apmaiņas un būvgružu transporta izdevumi 5%",{"$nulls":10},{"$f":"N24*0.05","v":{"v":188.5091,"d":"188.51"}},null,{"$f":"N25","v":{"v":188.5091,"d":"188.51"}}]
["  ","  "," Tiešās izmaksas kopā",{"$nulls":9},{"$f":"M24+M25","v":{"v":74.8,"d":"74.80"}},{"$f":"N24+N25","v":{"v":3958.691099999999,"d":"3958.69"}},{"$f":"O24+O25","v":{"v":0,"d":"0.00"}},{"$f":"P24+P25","v":{"v":4033.4910999999993,"d":"4033.49"}}]
["  ","  ","  ","  ",null,"  ",null,null,"  ",null,"  ","  ","  ",null,null,"  "]
[" Sastādīja",{"$nulls":5}," Pārbaudīja"]
[null,null," (paraksts un tā atšifrējums, datums)",{"$nulls":5}," (paraksts un tā atšifrējums, datums)"]

{"sheet":"2. Zemes darbi","index":1,"n_rows":33,"n_cols":16,"rows_kept":33,"merged":[[0,0,0,15],[1,0,1,15],[2,0,2,15],[10,0,11,0],[10,1,11,1],[10,2,11,2],[10,3,11,3],[10,4,11,4],[10,5,10,10],[10,11,10,15],[27,2,27,3],[28,2,28,10],[29,2,29,10],[30,3,30,4],[30,5,30,7],[30,8,30,9],[39,0,39,15]]}
["Lokālā tāme Nr.2"]
["Zemes darbi"]
["(darba veids vai konstruktīvā elementa nosaukums)"]
["Būves nosaukums Ferma 65 slaucamām govīm "]
["Objekta nosaukums: Lauksaimniecības ēka"]
["Objekta adrese: "]
["Pasūtījuma Nr."]
[]
["Tāme sastādīta 2015 gada tirgus cenās, pamatojoties uz AR/DVP daļas rasējumiem.                            ",{"$nulls":10},"Tāmes izmaksas ",null,{"$f":"P30","v":{"v":3752.4422825,"d":"€ 3,752.44"}}]
["Tāme sastādīta 2013. gada 22 novembrī"]
[" Nr.p.k."," Kods"," Darba nosaukums"," Mērvie-nība"," Dau-dzums"," Vienības izmaksas",{"$nulls":5}," Kopā uz visu apjomu"]
[{"$nulls":5}," laika norma (c/h)"," darba samaksas likme (EUR/h)"," darba alga (EUR)"," materiāli (EUR)"," mehā-nismi (EUR)"," kopā (EUR)"," darbietilpī-ba (c/h)"," darba alga (EUR)"," materiāli (EUR)"," mehā-nismi (EUR)"," summa (EUR)"]
[1,2,3,4,5,6,7,8,9,10,11,12,13,14,15,16]
["1.",null,"Augsnes virskārtas noņemšana izmantojot, buldozeru","100 m3",{"v":8.4435,"d":"8.44"},0.61,{"v":5.5,"d":"5.50"},{"$f":"G14*F14","v":{"v":3.355,"d":"3.36"}},null,null,{"$f":"SUM(H14:J14)","v":{"v":3.355,"d":"3.36"}},{"$f":"E14*F14","v":{"v":5.150535,"d":"5.2"}},{"$f":"E14*H14","v":{"v":28.3279425,"d":"28.33"}},null,null,{"$f":"SUM(M14:O14)","v":{"v":28.3279425,"d":"28.33"}}]
[null,null,"buldozers - CATERPILLAR D4K (16t)","maš/h",{"v":52,"d":"52.00"},{"$nulls":4},{"v":32.9,"d":"32.90"},{"v":32.9,"d":"32.90"},{"$nulls":3},{"$f":"E15*J15","v":{"v":1710.8,"d":"1,710.80"}},{"v":1710.8,"d":"1,710.80"}]
["2.","03-04023","Grunts rakšana mehanizēti līdz pamatu atzīmei, novietojot atbērtnē ēkas teritorijā","100 m3",0.86,3.84,{"v":5.5,"d":"5.50"},{"v":21.119999999999997,"d":"21.12"},null,null,{"$f":"SUM(H16:J16)","v":{"v":21.119999999999997,"d":"21.12"}},{"$f":"E16*F16","v":{"v":3.3024,"d":"3.3"}},{"$f":"E16*H16","v":{"v":18.163199999999996,"d":"18.16"}},null,null,{"v":18.163199999999996,"d":"18.16"}]
[null,null,"ekskavators - Kubota KX101 (18t)","maš/h",{"v":4,"d":"4.00"},{"$nulls":4},{"v":36,"d":"36.00"},{"$f":"SUM(H17:J17)","v":{"v":36,"d":"36.00"}},{"$nulls":3},{"v":144,"d":"144.00"},{"v":144,"d":"144.00"}]
["3.","03-21001","būvbedres rakšana ar lāpstu papildus vēl 0.20 m dziļumā","m3",11.09,1.55,{"v":5.5,"d":"5.50"},{"v":8.525,"d":"8.53"},null,null,{"$f":"SUM(H18:J18)","v":{"v":8.525,"d":"8.53"}},{"$f":"E18*F18","v":{"v":17.1895,"d":"17.2"}},{"$f":"E18*H18","v":{"v":94.54225,"d":"94.54"}},null,null,{"v":94.54225,"d":"94.54"}]
["4.","E2-1-34, 1.tab","būvbedru aizbēršana pēc pamatu betonēšanas, izmantojot buldozeru","m3",0.86,0.35,{"v":5.5,"d":"5.50"},{"v":1.9249999999999998,"d":"1.93"},null,null,{"$f":"SUM(H19:J19)","v":{"v":1.9249999999999998,"d":"1.93"}},{"$f":"E19*F19","v":{"v":0.301,"d":"0.3"}},{"v":1.6554999999999997,"d":"1.66"},null,null,{"v":1.6554999999999997,"d":"1.66"}]
[null,null,"buldozers - CATERPILLAR D4K (16t)","maš/h",{"v":1,"d":"1.00"},{"$nulls":4},{"v":32.9,"d":"32.90"},{"v":32.9,"d":"32.90"},{"$nulls":3},{"v":32.9,"d":"32.90"},{"v":32.9,"d":"32.90"}]
["5.","E2-1-33, 1.tab","Tranšeju noblietēšana ar vibroveltni:","100 m3",{"$f":"E16","v":0.86},0.98,{"v":5.5,"d":"5.50"},5.39,null,null,5.39,{"v":0.8428,"d":"0.8"},{"$f":"E21*H21","v":{"v":4.6354,"d":"4.64"}},null,null,{"v":4.6354,"d":"4.64"}]
[null,null,"grunts veltnis - Bomag BW177 (7t)","maš/h",{"v":1,"d":"1.00"},{"$nulls":4},{"v":38.5,"d":"38.50"},{"v":38.5,"d":"38.50"},{"v":0,"d":"0.0"},{"v":0,"d":"0.00"},null,{"$f":"E22*J22","v":{"v":38.5,"d":"38.50"}},{"v":38.5,"d":"38.50"}]
[6,"03-04003","3 m platas tranšejas rakšana kanaliem ar ekskavatoru, dziļumā 1 m","100 m3",{"v":4.752,"d":"4.75"},3.84,{"v":5.5,"d":"5.50"},{"v":21.119999999999997,"d":"21.12"},null,null,{"v":21.119999999999997,"d":"21.12"},{"v":18.24768,"d":"18.2"},{"v":100.36223999999999,"d":"100.36"},null,{"v":0,"d":"0.00"},{"v":100.36223999999999,"d":"100.36"}]
[null,null," ekskavators - Kubota KX101 (18t)","maš/h",{"v":19,"d":"19.00"},{"$nulls":4},{"v":36,"d":"36.00"},{"v":36,"d":"36.00"},null,{"v":0,"d":"0.00"},null,{"v":684,"d":"684.00"},{"v":684,"d":"684.00"}]
[7,"03-21001","būvbedres rakšana ar lāpstu papildus vēl 0.20 m dziļumā","m3",{"v":95,"d":"95.00"},1.55,{"v":5.5,"d":"5.50"},{"v":8.525,"d":"8.53"},null,null,{"v":8.525,"d":"8.53"},{"v":147.25,"d":"147.3"},{"v":809.875,"d":"809.88"},null,{"v":0,"d":"0.00"},{"v":809.875,"d":"809.88"}]
[8,null,"Tranšeju noblietēšana ar vibroveltni:","100 m3",{"v":1.425,"d":"1.43"},0.98,{"v":5.5,"d":"5.50"},5.39,null,null,5.39,{"v":1.3965,"d":"1.4"},{"v":7.68075,"d":"7.68"},null,{"v":0,"d":"0.00"},{"v":7.68075,"d":"7.68"}]
[null,null,"grunts veltnis - Bomag BW177 (7t)","maš/h",{"v":2,"d":"2.00"},{"$nulls":4},{"v":38.5,"d":"38.50"},{"v":38.5,"d":"38.50"},null,{"v":0,"d":"0.00"},null,{"v":77,"d":"77.00"},{"v":77,"d":"77.00"}]
["  ","  "," Kopā",null,"  ","  ","  ",null,"  ","  ","  ",{"$f":"SUM(L14:L27)","v":{"v":193.68041499999998,"d":"193.7"}},{"$f":"SUM(M14:M27)","v":{"v":1065.2422824999999,"d":"1065.24"}},{"$f":"SUM(N14:N22)","v":{"v":0,"d":"0.00"}},{"$f":"SUM(O14:O27)","v":{"v":2687.2,"d":"2687.20"}},{"$f":"SUM(P14:P27)","v":{"v":3752.4422825,"d":"3752.44"}}]
["  ","  "," Materiālu, grunts apmaiņas un būvgružu transporta izdevumi 5%",{"$nulls":10},{"$f":"N28*0.05","v":{"v":0,"d":"0.00"}},null,{"$f":"N29","v":{"v":0,"d":"0.00"}}]
["  ","  "," Tiešās izmaksas kopā",{"$nulls":9},{"$f":"M28+M29","v":{"v":1065.2422824999999,"d":"1065.24"}},{"$f":"N28+N29","v":{"v":0,"d":"0.00"}},{"$f":"O28+O29","v":{"v":2687.2,"d":"2687.20"}},{"$f":"P28+P29","v":{"v":3752.4422825,"d":"3752.44"}}]
["  ","  ","  ","  ",null,"  ",null,null,"  ",null,"  ","  ","  ",null,null,"  "]
[" Sastādīja",{"$nulls":5}," Pārbaudīja"]
[null,null," (paraksts un tā atšifrējums, datums)",{"$nulls":5}," (paraksts un tā atšifrējums, datums)"]

{"sheet":"3. Pamati","index":2,"n_rows":68,"n_cols":16,"rows_kept":68,"merged":[[0,0,0,15],[1,0,1,15],[2,0,2,15],[10,0,11,0],[10,1,11,1],[10,2,11,2],[10,3,11,3],[10,4,11,4],[10,5,10,10],[10,11,10,15],[62,2,62,3],[63,2,63,10],[64,2,64,10],[65,3,65,4],[65,5,65,7],[65,8,65,9],[68,0,68,15]]}
["Lokālā tāme Nr.3"]
["Pamati/Kanāli"]
["(darba veids vai konstruktīvā elementa nosaukums)"]
["Būves nosaukums Ferma 65 slaucamām govīm "]
["Objekta nosaukums: Lauksaimniecības ēka"]
["Objekta adrese: "]
["Pasūtījuma Nr."]
[]
["Tāme sastādīta 2015 gada tirgus cenās, pamatojoties uz AR/DVP daļas rasējumiem.                            ",{"$nulls":10},"Tāmes izmaksas ",null,{"$f":"P65","v":{"v":30931.7699469,"d":"€ 30,931.77"}}]
["Tāme sastādīta 2013. gada 22 novembrī"]
[" Nr.p.k."," Kods"," Darba nosaukums"," Mērvie-nība"," Dau-dzums"," Vienības izmaksas",{"$nulls":5}," Kopā uz visu apjomu"]
[{"$nulls":5}," laika norma (c/h)"," darba samaksas likme (EUR/h)"," darba alga (EUR)"," materiāli (EUR)"," mehā-nismi (EUR)"," kopā (EUR)"," darbietilpī-ba (c/h)"," darba alga (EUR)"," materiāli (EUR)"," mehā-nismi (EUR)"," summa (EUR)"]
[1,2,3,4,5,6,7,8,9,10,11,12,13,14,15,16]
["1.","Dorša_kat._26.lpp_1-39","Grunts pamatnes blietēšana pamatiem","m3",{"$f":"77.88*0.02*1","v":{"v":1.5575999999999999,"d":"1.56"}},0.86,5.5,{"$f":"G14*F14","v":{"v":4.7299999999999995,"d":"4.73"}},null,null,{"$f":"SUM(H14:J14)","v":{"v":4.7299999999999995,"d":"4.73"}},{"$f":"E14*F14","v":{"v":1.3395359999999998,"d":"1.3"}},{"$f":"E14*H14","v":{"v":7.367447999999999,"d":"7.37"}},null,null,{"$f":"SUM(M14:O14)","v":{"v":7.367447999999999,"d":"7.37"}}]
[null,"Dorša_kat._26.lpp_1-39","Blietēta šķembojuma pamatkārtas ierīkošana pamatiem","m3",{"$f":"55.2*0.1*1","v":{"v":5.5200000000000005,"d":"5.52"}},0.86,5.5,{"v":4.7299999999999995,"d":"4.73"},null,null,{"$f":"SUM(H15:J15)","v":{"v":4.7299999999999995,"d":"4.73"}},{"$f":"E15*F15","v":{"v":4.7472,"d":"4.7"}},{"$f":"E15*H15","v":{"v":26.1096,"d":"26.11"}},null,null,{"v":26.1096,"d":"26.11"}]
["2.",null,"dolomītšķembas , d=40-70 mm","t",{"$f":"(1350*E15)/1000","v":{"v":7.452000000000001,"d":"7.45"}},{"$nulls":3},{"$f":"'7. Grīdas'!I17","v":4.35},null,4.35,null,null,{"$f":"E16*I16","v":{"v":32.4162,"d":"32.42"}},null,{"v":32.4162,"d":"32.42"}]
[null,null,"vibrokāja - Bomag BT 65/4","diena",{"v":1,"d":"1.00"},{"$nulls":4},20,{"v":20,"d":"20.00"},{"$nulls":3},{"$f":"E17*J17","v":{"v":20,"d":"20.00"}},{"v":20,"d":"20.00"}]
["3.","05-00012","0,55 m augstu koka pamatu pēdas ieveidņu sagatavošana un uzstādīšana, demontāža","m",{"v":148.8,"d":"148.80"},{"v":2,"d":"2.00"},{"v":5.5,"d":"5.50"},{"$f":"G18*F18","v":{"v":11,"d":"11.00"}},null,null,{"$f":"SUM(H18:J18)","v":{"v":11,"d":"11.00"}},{"$f":"E18*F18","v":297.6},{"$f":"E18*H18","v":{"v":1636.8000000000002,"d":"1,636.80"}},null,null,{"v":1636.8000000000002,"d":"1,636.80"}]
[null,null,"kokmateriāli veidņiem - laminēts saplāksnis (6.5 mm)","m2",51.48,{"$nulls":3},2.98,null,{"$f":"SUM(H19:J19)","v":2.98},null,null,{"$f":"E19*I19","v":{"v":153.41039999999998,"d":"153.41"}},null,{"$f":"SUM(M19:O19)","v":{"v":153.41039999999998,"d":"153.41"}}]
[null,null,"koka brusas (50x50 mm)","m3",{"v":0.2,"d":"0.20"},{"$nulls":3},90.85,null,{"$f":"SUM(H20:J20)","v":90.85},null,null,{"v":18.169999999999998,"d":"18.17"},null,{"v":18.169999999999998,"d":"18.17"}]
[null,null,"Skrūves 3,5*55 mm","kg",{"v":6.0325,"d":"6.03"},{"$nulls":3},{"v":1.0744,"d":"1.07"},null,{"$f":"SUM(H21:J21)","v":{"v":1.0744,"d":"1.07"}},null,null,{"v":6.481318,"d":"6.48"},null,{"v":6.481318,"d":"6.48"}]
["4.","05-10501","Pamatu armatūras siešana, locīšana un ierīkošana","t",1.14,{"v":32,"d":"32.00"},{"v":5.5,"d":"5.50"},{"$f":"G22*F22","v":{"v":176,"d":"176.00"}},null,null,{"$f":"SUM(H22:J22)","v":{"v":176,"d":"176.00"}},{"$f":"E22*F22","v":{"v":36.48,"d":"36.5"}},{"$f":"E22*H22","v":200.64},null,null,200.64]
[null,null,"armatūras stieņi  AIII ø 12 mm, Bst500S","t",1.14,{"$nulls":3},457.75,null,457.75,null,null,{"$f":"E23*I23","v":{"v":521.8349999999999,"d":"521.84"}},null,{"v":521.8349999999999,"d":"521.84"}]
[null,null,"distanceri Parafix 70 mm","gab.",{"v":840,"d":"840.00"},{"$nulls":3},{"v":0.097,"d":"0.10"},null,{"v":0.097,"d":"0.10"},null,null,{"$f":"E24*I24","v":81.48},null,81.48]
[null,null,"sienamās stieples 1.2 mm (L=100 mm)","iep.",{"v":6,"d":"6.00"},{"$nulls":3},{"v":4.8,"d":"4.80"},null,{"v":4.8,"d":"4.80"},null,null,{"v":28.799999999999997,"d":"28.80"},null,{"v":28.799999999999997,"d":"28.80"}]
[null,null,"armatūras locītājs DEL-35","diena",{"v":2,"d":"2.00"},{"$nulls":4},21.54,21.54,{"$nulls":3},43.08,43.08]
[null,null,"armatūras griezējs CEL-35","diena",{"v":2,"d":"2.00"},{"$nulls":4},{"v":12.1,"d":"12.10"},{"v":12.1,"d":"12.10"},{"$nulls":3},{"v":24.2,"d":"24.20"},{"v":24.2,"d":"24.20"}]
["5.","05-20009","Pamatu pēdas betonēšana - iestrāde ar sūkni","m3",21.38,0.45,{"v":3.5,"d":"3.50"},{"$f":"F28*G28","v":{"v":1.575,"d":"1.58"}},null,null,{"v":1.575,"d":"1.58"},{"v":9.621,"d":"9.6"},{"v":33.6735,"d":"33.67"},null,{"$f":"E28*J28","v":{"v":0,"d":"0.00"}},{"v":33.6735,"d":"33.67"}]
[null,null,"betons C25/30 ","m3",21.38,{"$nulls":3},57.99,null,57.99,null,null,{"v":1239.8262,"d":"1,239.83"},null,{"v":1239.8262,"d":"1,239.83"}]
[null,null,"sūknis betona sūknēšanai","maš/h",{"v":6,"d":"6.00"},{"$nulls":4},{"v":65,"d":"65.00"},{"v":65,"d":"65.00"},{"$nulls":3},{"v":390,"d":"390.00"},{"v":390,"d":"390.00"}]
[null,null,"transporta izdevumi (betona piegādei)","maš/h",{"v":6,"d":"6.00"},{"$nulls":4},{"v":30,"d":"30.00"},{"v":30,"d":"30.00"},{"$nulls":3},{"v":180,"d":"180.00"},{"v":180,"d":"180.00"}]
[{"$nulls":10},{"v":0,"d":"0.00"},{"$nulls":4},{"v":0,"d":"0.00"}]
[{"$nulls":10},{"v":0,"d":"0.00"},{"$nulls":4},{"v":0,"d":"0.00"}]
[{"$nulls":10},{"v":0,"d":"0.00"},{"$nulls":4},{"v":0,"d":"0.00"}]
[{"$nulls":10},{"v":0,"d":"0.00"},{"$nulls":4},{"v":0,"d":"0.00"}]
[{"$nulls":10},{"v":0,"d":"0.00"},{"$nulls":4},{"v":0,"d":"0.00"}]
[{"$nulls":10},{"v":0,"d":"0.00"},{"$nulls":4},{"v":0,"d":"0.00"}]
[{"$nulls":10},{"v":0,"d":"0.00"},{"$nulls":4},{"v":0,"d":"0.00"}]
[{"$nulls":10},{"v":0,"d":"0.00"},{"$nulls":4},{"v":0,"d":"0.00"}]
[{"$nulls":10},{"v":0,"d":"0.00"},{"$nulls":4},{"v":0,"d":"0.00"}]
[{"$nulls":10},{"v":0,"d":"0.00"},{"$nulls":4},{"v":0,"d":"0.00"}]
[6,"Dorša_kat._26.lpp_1-39","Grunts pamatnes blietēšana kanaliem","m3",{"$f":"508.7*0.02","v":{"v":10.174,"d":"10.17"}},0.86,5.5,{"$f":"F42*G42","v":{"v":4.7299999999999995,"d":"4.73"}},null,null,{"v":4.7299999999999995,"d":"4.73"},{"$f":"F42*E42","v":{"v":8.74964,"d":"8.7"}},{"$f":"H42*E42","v":{"v":48.12301999999999,"d":"48.12"}},null,null,{"v":48.12301999999999,"d":"48.12"}]
[null,"Dorša_kat._26.lpp_1-39","Blietēta šķembojuma pamatkārtas ierīkošana kanāliem","m3",{"$f":"508.6*0.1","v":{"v":50.86000000000001,"d":"50.86"}},0.86,{"v":5.5,"d":"5.50"},{"v":4.7299999999999995,"d":"4.73"},null,null,{"v":4.7299999999999995,"d":"4.73"},{"$f":"F43*E43","v":{"v":43.7396,"d":"43.7"}},{"$f":"H43*E43","v":{"v":240.5678,"d":"240.57"}},null,null,{"v":240.5678,"d":"240.57"}]
[null,null,"dolomītšķembas , d=40-70 mm","t",{"$f":"1.35*E43","v":{"v":68.66100000000002,"d":"68.66"}},{"$nulls":3},4.35,null,4.35,null,null,{"$f":"I44*E44","v":{"v":298.67535000000004,"d":"298.68"}},null,{"v":298.67535000000004,"d":"298.68"}]
[null,null,"vibrobliete - Bomag CT 70/25","diena",{"v":2.5,"d":"2.50"},{"$nulls":4},{"v":25,"d":"25.00"},{"v":25,"d":"25.00"},{"$nulls":3},{"$f":"J45*E45","v":{"v":62.5,"d":"62.50"}},{"v":62.5,"d":"62.50"}]
[7,"05-01001","Veidņu uzstādīšana kanalu betonēšanai","m2",{"v":1690,"d":"1690.00"},{"v":0.5,"d":"0.50"},{"v":5.5,"d":"5.50"},{"$f":"G46*F46","v":2.75},null,null,2.75,{"$f":"E46*F46","v":{"v":845,"d":"845.0"}},{"$f":"H46*E46","v":{"v":4647.5,"d":"4,647.50"}},null,null,{"v":4647.5,"d":"4,647.50"}]
[null,null," - veidņu komplekta īre","dnn.",{"v":15,"d":"15.00"},{"$nulls":4},{"v":186,"d":"186.00"},{"v":186,"d":"186.00"},{"$nulls":3},{"$f":"J47*E47","v":{"v":2790,"d":"2,790.00"}},{"v":2790,"d":"2,790.00"}]
[null,null," - kokmateriāli","m3",{"v":2.4,"d":"2.40"}]
[8,"05-10501","Kanālu armatūras siešana, locīšana un ierīkošana","t",{"v":9.941,"d":"9.94"},{"v":32,"d":"32.00"},{"v":5.5,"d":"5.50"},{"$f":"G49*F49","v":{"v":176,"d":"176.00"}},null,null,{"$f":"SUM(H49:J49)","v":{"v":176,"d":"176.00"}},{"$f":"E49*F49","v":{"v":318.112,"d":"318.1"}},{"$f":"E49*H49","v":{"v":1749.6160000000002,"d":"1,749.62"}},null,null,{"$f":"SUM(M49:O49)","v":{"v":1749.6160000000002,"d":"1,749.62"}}]
[null,null,"armatūras stieņi  AIII ø 10 mm, Bst500S","t",{"v":9.941,"d":"9.94"},{"$nulls":3},457.75,null,457.75,null,null,{"$f":"E50*I50","v":{"v":4550.49275,"d":"4,550.49"}},null,{"v":4550.49275,"d":"4,550.49"}]
[null,null,"distanceri Parafix 70 mm","gab.",{"v":7300,"d":"7300.00"},{"$nulls":3},{"v":0.097,"d":"0.10"},null,{"v":0.097,"d":"0.10"},null,null,{"$f":"E51*I51","v":{"v":708.1,"d":"708.10"}},null,{"v":708.1,"d":"708.10"}]
[null,null,"sienamās stieples 1.2 mm (L=100 mm)","iep.",{"v":50,"d":"50.00"},{"$nulls":3},{"v":4.8,"d":"4.80"},null,{"v":4.8,"d":"4.80"},null,null,{"v":240,"d":"240.00"},null,{"v":240,"d":"240.00"}]
[null,null,"armatūras locītājs DEL-35","diena",{"v":5,"d":"5.00"},{"$nulls":4},21.54,21.54,{"$nulls":3},{"$f":"E53*J53","v":{"v":107.69999999999999,"d":"107.70"}},{"v":107.69999999999999,"d":"107.70"}]
[null,null,"armatūras griezējs CEL-35","diena",{"v":5,"d":"5.00"},{"$nulls":4},{"v":12.1,"d":"12.10"},{"v":12.1,"d":"12.10"},{"$nulls":3},{"v":60.5,"d":"60.50"},{"v":60.5,"d":"60.50"}]
[9,"05-20009","Kanālu betonēšana - iestrāde ar sūkni","m3",{"v":98,"d":"98.00"},0.45,{"v":5.5,"d":"5.50"},{"$f":"F55*G55","v":{"v":2.475,"d":"2.48"}},null,null,{"v":2.475,"d":"2.48"},{"$f":"E55*F55","v":44.1},{"$f":"E55*H55","v":242.55},null,{"v":0,"d":"0.00"},242.55]
[null,null,"betons C25/30 ","m3",{"v":98,"d":"98.00"},{"$nulls":3},57.99,null,57.99,null,null,{"$f":"E56*I56","v":{"v":5683.02,"d":"5,683.02"}},null,{"v":5683.02,"d":"5,683.02"}]
[null,null,"sūknis betona sūknēšanai","maš/h",{"v":44,"d":"44.00"},{"$nulls":4},{"v":65,"d":"65.00"},{"v":65,"d":"65.00"},{"$nulls":3},{"$f":"E57*J57","v":{"v":2860,"d":"2,860.00"}},{"v":2860,"d":"2,860.00"}]
[null,null,"transporta izdevumi (betona piegādei)","maš/h",{"v":44,"d":"44.00"},{"$nulls":4},{"v":30,"d":"30.00"},{"v":30,"d":"30.00"},{"$nulls":3},{"v":1320,"d":"1,320.00"},{"v":1320,"d":"1,320.00"}]
[]
[]
[{"$nulls":10},{"v":0,"d":"0.00"},{"$nulls":4},{"v":0,"d":"0.00"}]
[{"$nulls":10},{"v":0,"d":"0.00"},{"$nulls":4},{"v":0,"d":"0.00"}]
["  ","  "," Kopā",null,"  ","  ","  ","  ","  ","  ","  ",{"$f":"SUM(L14:L58)","v":{"v":1609.488976,"d":"1609.49"}},{"$f":"SUM(M14:M58)","v":{"v":8832.947368,"d":"8832.95"}},{"$f":"SUM(N14:N58)","v":{"v":13562.707218000001,"d":"13562.71"}},{"$f":"SUM(O14:O58)","v":7857.98},{"$f":"SUM(P14:P58)","v":{"v":30253.634586,"d":"30253.63"}}]
["  ","  "," Materiālu, grunts apmaiņas un būvgružu transporta izdevumi 5%",{"$nulls":10},{"$f":"N63*0.05","v":{"v":678.1353609000001,"d":"678.14"}},null,{"$f":"N64","v":{"v":678.1353609000001,"d":"678.14"}}]
["  ","  "," Tiešās izmaksas kopā",{"$nulls":9},{"$f":"M63+M64","v":{"v":8832.947368,"d":"8832.95"}},{"$f":"N63+N64","v":{"v":14240.842578900001,"d":"14240.84"}},{"$f":"O63+O64","v":7857.98},{"$f":"P63+P64","v":{"v":30931.7699469,"d":"30931.77"}}]
["  ","  ","  ","  ",null,"  ",null,null,"  ",null,"  ","  ","  ",null,null,"  "]
[" Sastādīja",{"$nulls":5}," Pārbaudīja"]
[null,null," (paraksts un tā atšifrējums, datums)",{"$nulls":5}," (paraksts un tā atšifrējums, datums)"]

{"sheet":"4. Metāla konstrukcijas","index":3,"n_rows":50,"n_cols":16,"rows_kept":50,"merged":[[0,0,0,15],[1,0,1,15],[2,0,2,15],[10,0,11,0],[10,1,11,1],[10,2,11,2],[10,3,11,3],[10,4,11,4],[10,5,10,10],[10,11,10,15],[44,2,44,3],[45,2,45,10],[46,2,46,10],[47,3,47,4],[47,5,47,7],[47,8,47,9]]}
["Lokālā tāme Nr.4"]
["Nesošās virszemes konstrukcijas"]
["(darba veids vai konstruktīvā elementa nosaukums)"]
["Būves nosaukums Ferma 65 slaucamām govīm "]
["Objekta nosaukums: Lauksaimniecības ēka"]
["Objekta adrese: "]
["Pasūtījuma Nr.",null,101]
[]
["Tāme sastādīta 2015 gada tirgus cenās, pamatojoties uz AR/DVP daļas rasējumiem.                            ",{"$nulls":10},"Tāmes izmaksas ",null,{"$f":"P47","v":{"v":73013.58152000002,"d":"€ 73,013.58"}}]
["Tāme sastādīta 2013. gada 22 novembrī"]
[" Nr.p.k."," Kods"," Darba nosaukums"," Mērvie-nība"," Dau-dzums"," Vienības izmaksas",{"$nulls":5}," Kopā uz visu apjomu"]
[{"$nulls":5}," laika norma (c/h)"," darba samaksas likme (EUR/h)"," darba alga (EUR)"," materiāli (EUR)"," mehā-nismi (EUR)"," kopā (EUR)"," darbietilpī-ba (c/h)"," darba alga (EUR)"," materiāli (EUR)"," mehā-nismi (EUR)"," summa (EUR)"]
[1,2,3,4,5,6,7,8,9,10,11,12,13,14,15,16]
["1.",null,"Tērauda kolonnu montāža","t",{"v":15.4764,"d":"15.48"},{"v":0.5,"d":"0.50"},{"v":5.5,"d":"5.50"},{"$f":"G14*F14","v":2.75},null,null,{"$f":"SUM(H14:J14)","v":2.75},{"$f":"E14*F14","v":{"v":7.7382,"d":"7.74"}},{"$f":"E14*H14","v":{"v":42.5601,"d":"42.56"}},null,null,{"$f":"SUM(M14:O14)","v":{"v":42.5601,"d":"42.56"}}]
[null,null,"Tērauda kolonnas K-1, 24 gab.","t",{"$f":"E14","v":{"v":15.4764,"d":"15.48"}},{"$nulls":3},{"v":1185,"d":"1185.00"},null,{"v":1185,"d":"1185.00"},null,null,{"$f":"I15*E15","v":{"v":18339.534,"d":"18339.53"}},null,{"v":18339.534,"d":"18339.53"}]
[null,null,"Uzgriežņi M20","gab.",{"v":192,"d":"192.00"},{"$nulls":3},0.15,null,0.15,null,null,{"$f":"I16*E16","v":{"v":28.799999999999997,"d":"28.80"}},null,{"v":28.799999999999997,"d":"28.80"}]
[null,null,"Paplāksnes","gab.",192,{"$nulls":3},{"v":0.059,"d":"0.06"},null,{"v":0.059,"d":"0.06"},null,null,{"$f":"I17*E17","v":{"v":11.328,"d":"11.33"}},null,{"v":11.328,"d":"11.33"}]
[null,null,"Gludie enkuri M20x530","gab.",{"v":96,"d":"96.00"},{"$nulls":3},2.58,null,{"$f":"SUM(H18:J18)","v":2.58},null,null,{"$f":"I18*E18","v":247.68},null,{"$f":"SUM(M18:O18)","v":247.68}]
[null,null,"Mobilais celtnis LIEBHERR LTM 1040-2.1","maš/h",{"v":8,"d":"8.00"},{"$nulls":4},{"v":62,"d":"62.00"},{"$f":"SUM(H19:J19)","v":{"v":62,"d":"62.00"}},{"$nulls":3},{"$f":"J19*E19","v":{"v":496,"d":"496.00"}},{"v":496,"d":"496.00"}]
[2,null,"Tērauda rīģeļu montāža","t",33.89,{"v":1,"d":"1.00"},{"v":5.5,"d":"5.50"},{"$f":"G20*F20","v":{"v":5.5,"d":"5.50"}},null,null,{"$f":"SUM(H20:J20)","v":{"v":5.5,"d":"5.50"}},{"$f":"E20*F20","v":33.89},{"$f":"E20*H20","v":{"v":186.395,"d":"186.40"}},null,null,{"v":186.395,"d":"186.40"}]
[null,null,"Tērauda rīģeļi J-1, 24 gab.","t",{"v":33.885,"d":"33.89"},{"$nulls":3},{"v":1185,"d":"1185.00"},null,{"$f":"SUM(H21:J21)","v":{"v":1185,"d":"1185.00"}},null,null,{"$f":"I21*E21","v":{"v":40153.725,"d":"40153.73"}},null,{"$f":"SUM(M21:O21)","v":{"v":40153.725,"d":"40153.73"}}]
[null,null,"Bultskrūves M18x90mm","gab.",{"v":624,"d":"624.00"},{"$nulls":3},0.62,null,0.62]
[null,null,"Uzgriežņi M18","gab.",{"v":624,"d":"624.00"},{"$nulls":3},0.14,null,0.14,null,null,{"$f":"I23*E23","v":{"v":87.36000000000001,"d":"87.36"}},null,{"v":87.36000000000001,"d":"87.36"}]
[null,null,"Paplāksnes","gab.",624,{"$nulls":3},{"v":0.049,"d":"0.05"},null,{"v":0.049,"d":"0.05"},null,null,{"$f":"I24*E24","v":{"v":30.576,"d":"30.58"}},null,{"v":30.576,"d":"30.58"}]
[null,null,"Mobilais celtnis LIEBHERR LTM 1040-2.1","maš/h",{"v":15,"d":"15.00"},{"$nulls":4},{"v":62,"d":"62.00"},{"$f":"SUM(H25:J25)","v":{"v":62,"d":"62.00"}},{"$nulls":3},{"$f":"J25*E25","v":{"v":930,"d":"930.00"}},{"v":930,"d":"930.00"}]
[3,null,"Jumta koka kopturu montāža","m3",{"v":28.4,"d":"28.40"},{"v":3,"d":"3.00"},{"v":5.5,"d":"5.50"},{"$f":"G26*F26","v":{"v":16.5,"d":"16.50"}},null,null,{"$f":"SUM(H26:J26)","v":{"v":16.5,"d":"16.50"}},{"$f":"E26*F26","v":{"v":85.19999999999999,"d":"85.20"}},{"$f":"E26*H26","v":{"v":468.59999999999997,"d":"468.60"}},null,null,{"v":468.59999999999997,"d":"468.60"}]
[null,null,"Koka kopturi 160x125mm","m3",{"v":28.396,"d":"28.40"},{"$nulls":3},{"v":130,"d":"130.00"},null,{"$f":"SUM(H27:J27)","v":{"v":130,"d":"130.00"}},null,null,{"$f":"I27*E27","v":3691.48},null,{"$f":"SUM(M27:O27)","v":3691.48}]
[null,null,"Kokskrūves M12x80mm","gab.",{"v":1432,"d":"1432.00"},{"$nulls":3},0.18,null,0.18,null,null,{"$f":"I28*E28","v":257.76},null,{"$f":"SUM(M28:O28)","v":257.76}]
[null,null,"Mobilais celtnis LIEBHERR LTM 1040-2.1","maš/h",{"v":10,"d":"10.00"},{"$nulls":4},{"v":62,"d":"62.00"},{"$f":"SUM(H29:J29)","v":{"v":62,"d":"62.00"}},{"$nulls":3},{"$f":"J29*E29","v":{"v":620,"d":"620.00"}},{"v":620,"d":"620.00"}]
[4,null,"Ēkas garensaišu montāža","t",{"v":1.53164,"d":"1.53"},{"v":1,"d":"1.00"},{"v":5.5,"d":"5.50"},{"$f":"G30*F30","v":{"v":5.5,"d":"5.50"}},null,null,{"$f":"SUM(H30:J30)","v":{"v":5.5,"d":"5.50"}},{"$f":"E30*F30","v":{"v":1.53164,"d":"1.53"}},{"$f":"E30*H30","v":{"v":8.424019999999999,"d":"8.42"}},null,null,{"v":8.424019999999999,"d":"8.42"}]
[null,null,"Garensaites GS-1","t",1.53,{"$nulls":3},{"v":1185,"d":"1185.00"},null,{"$f":"SUM(H31:J31)","v":{"v":1185,"d":"1185.00"}},null,null,{"$f":"I31*E31","v":1813.05},null,{"$f":"SUM(M31:O31)","v":1813.05}]
[null,null,"Bultskrūves M16x75mm","gab.",{"v":92,"d":"92.00"},{"$nulls":3},0.51,null,0.51,null,null,{"$f":"I32*E32","v":46.92},null,46.92]
[null,null,"Uzgriežņi M16","gab.",{"v":92,"d":"92.00"},{"$nulls":3},0.12,null,0.12,null,null,{"$f":"I33*E33","v":11.04},null,11.04]
[null,null,"Paplāksnes","gab.",{"v":92,"d":"92.00"},{"$nulls":3},0.05,null,{"$f":"SUM(H34:J34)","v":0.05},null,null,{"$f":"I34*E34","v":{"v":4.6000000000000005,"d":"4.60"}},null,{"v":4.6000000000000005,"d":"4.60"}]
[5,null,"Ēkas vēja saišu montāža","t",0.45,{"v":1,"d":"1.00"},{"v":5.5,"d":"5.50"},{"$f":"G35*F35","v":{"v":5.5,"d":"5.50"}},null,null,{"$f":"SUM(H35:J35)","v":{"v":5.5,"d":"5.50"}},{"$f":"E35*F35","v":0.45},{"$f":"E35*H35","v":{"v":2.475,"d":"2.48"}},null,null,{"v":2.475,"d":"2.48"}]
[null,null,"Vēja saites VS-1","t",0.45,{"$nulls":3},{"v":1185,"d":"1185.00"},null,{"$f":"SUM(H36:J36)","v":{"v":1185,"d":"1185.00"}},null,null,{"$f":"I36*E36","v":533.25},null,{"$f":"SUM(M36:O36)","v":533.25}]
[null,null,"Bultskrūves M18x55mm","gab.",{"v":48,"d":"48.00"},{"$nulls":3},0.58,null,0.58,null,null,{"$f":"I37*E37","v":{"v":27.839999999999996,"d":"27.84"}},null,{"v":27.839999999999996,"d":"27.84"}]
[null,null,"Paplāksnes","gab.",{"v":48,"d":"48.00"},{"$nulls":3},0.05,null,{"$f":"SUM(H38:J38)","v":0.05},null,null,{"$f":"I38*E38","v":{"v":2.4000000000000004,"d":"2.40"}},null,{"v":2.4000000000000004,"d":"2.40"}]
[6,null,"Ēkas gala sienu statu montāža","t",{"v":1.267,"d":"1.27"},{"v":1,"d":"1.00"},{"v":5.5,"d":"5.50"},{"$f":"G39*F39","v":{"v":5.5,"d":"5.50"}},null,null,{"$f":"SUM(H39:J39)","v":{"v":5.5,"d":"5.50"}},{"$f":"E39*F39","v":{"v":1.267,"d":"1.27"}},{"$f":"E39*H39","v":{"v":6.9685,"d":"6.97"}},null,null,{"v":6.9685,"d":"6.97"}]
[null,null,"Tērauda gala sienas stati","t",{"v":1.267,"d":"1.27"},{"$nulls":3},{"v":1185,"d":"1185.00"},null,{"$f":"SUM(H40:J40)","v":{"v":1185,"d":"1185.00"}},null,null,{"$f":"I40*E40","v":{"v":1501.395,"d":"1501.40"}},null,{"$f":"SUM(M40:O40)","v":{"v":1501.395,"d":"1501.40"}}]
[null,null,"Bultskrūves M16x75mm","gab.",{"v":24,"d":"24.00"},{"$nulls":3},0.51,null,0.51,null,null,{"$f":"I41*E41","v":12.24},null,12.24]
[null,null,"Paplāksnes","gab.",{"v":72,"d":"72.00"},{"$nulls":3},0.05,null,{"$f":"SUM(H42:J42)","v":0.05},null,null,{"$f":"I42*E42","v":{"v":3.6,"d":"3.60"}},null,{"v":3.6,"d":"3.60"}]
[null,null,"Uzgriežņi M16","gab.",{"v":48,"d":"48.00"},{"$nulls":3},0.12,null,{"$f":"SUM(H43:J43)","v":0.12},null,null,{"$f":"I43*E43","v":5.76},null,5.76]
[null,null,"Gludie enkuri M16x400","gab.",{"v":48,"d":"48.00"},{"$nulls":3},2.01,null,{"$f":"SUM(H44:J44)","v":2.01},null,null,{"$f":"I44*E44","v":{"v":96.47999999999999,"d":"96.48"}},null,{"v":96.47999999999999,"d":"96.48"}]
["  ","  "," Kopā",null,"  ","  ","  ","  ","  ","  ","  ",{"$f":"SUM(L14:L42)","v":{"v":130.07683999999998,"d":"130.08"}},{"$f":"SUM(M14:M42)","v":{"v":715.42262,"d":"715.42"}},{"$f":"SUM(N14:N44)","v":{"v":66906.818,"d":"66906.82"}},{"$f":"SUM(O14:O42)","v":{"v":2046,"d":"2046.00"}},{"$f":"SUM(P14:P44)","v":{"v":69668.24062000003,"d":"69668.24"}}]
["  ","  "," Materiālu, grunts apmaiņas un būvgružu transporta izdevumi 5%",{"$nulls":10},{"$f":"N45*0.05","v":{"v":3345.3409,"d":"3345.34"}},null,{"$f":"N46","v":{"v":3345.3409,"d":"3345.34"}}]
["  ","  "," Tiešās izmaksas kopā",{"$nulls":9},{"$f":"M45+M46","v":{"v":715.42262,"d":"715.42"}},{"$f":"N45+N46","v":{"v":70252.1589,"d":"70252.16"}},{"$f":"O45+O46","v":{"v":2046,"d":"2046.00"}},{"$f":"P45+P46","v":{"v":73013.58152000002,"d":"73013.58"}}]
["  ","  ","  ","  ",null,"  ",null,null,"  ",null,"  ","  ","  ",null,null,"  "]
[" Sastādīja",{"$nulls":5}," Pārbaudīja"]
[null,null," (paraksts un tā atšifrējums, datums)",{"$nulls":5}," (paraksts un tā atšifrējums, datums)"]

{"sheet":"5. Sienas","index":4,"n_rows":56,"n_cols":16,"rows_kept":56,"merged":[[0,0,0,15],[1,0,1,15],[2,0,2,15],[10,0,11,0],[10,1,11,1],[10,2,11,2],[10,3,11,3],[10,4,11,4],[10,5,10,10],[10,11,10,15],[51,2,51,3],[52,2,52,10],[53,2,53,10]]}
["Lokālā tāme Nr.5"]
["Sienas"]
["(darba veids vai konstruktīvā elementa nosaukums)"]
["Būves nosaukums Ferma 65 slaucamām govīm "]
["Objekta nosaukums: Lauksaimniecības ēka"]
["Objekta adrese: "]
["Pasūtījuma Nr."]
[]
["Tāme sastādīta 2015 gada tirgus cenās, pamatojoties uz AR/DVP daļas rasējumiem.                            ",{"$nulls":10},"Tāmes izmaksas ",null,{"$f":"P54","v":{"v":28272.869064999995,"d":"€ 28,272.87"}}]
["Tāme sastādīta 2013. gada 22 novembrī"]
[" Nr.p.k."," Kods"," Darba nosaukums"," Mērvie-nība"," Dau-dzums"," Vienības izmaksas",{"$nulls":5}," Kopā uz visu apjomu"]
[{"$nulls":5}," laika norma (c/h)"," darba samaksas likme (EUR/h)"," darba alga (EUR)"," materiāli (EUR)"," mehā-nismi (EUR)"," kopā (EUR)"," darbietilpī-ba (c/h)"," darba alga (EUR)"," materiāli (EUR)"," mehā-nismi (EUR)"," summa (EUR)"]
[1,2,3,4,5,6,7,8,9,10,11,12,13,14,15,16]
["1.","06-10004","Nesošo sienu mūrēšana no gāzbetona blokiem","m2",{"v":60.6,"d":"60.60"},{"v":2.7,"d":"2.70"},{"v":5.5,"d":"5.50"},{"$f":"G14*F14","v":{"v":14.850000000000001,"d":"14.85"}},null,null,{"$f":"SUM(H14:J14)","v":{"v":14.850000000000001,"d":"14.85"}},{"$f":"E14*F14","v":{"v":163.62,"d":"163.6"}},{"$f":"E14*H14","v":{"v":899.9100000000001,"d":"899.91"}},null,null,{"$f":"SUM(M14:O14)","v":{"v":899.9100000000001,"d":"899.91"}}]
[null,null,"AEROC EcoLight 200x200x600","m3",{"v":12.2,"d":"12.20"},{"$nulls":3},{"v":92,"d":"92.00"},null,{"$f":"SUM(H15:J15)","v":{"v":92,"d":"92.00"}},null,null,{"$f":"E15*I15","v":{"v":1122.3999999999999,"d":"1,122.40"}},null,{"v":1122.3999999999999,"d":"1,122.40"}]
[null,null,"mūrjava  WEBER VETONIT M100/600, 25 kg","iep.",{"v":24,"d":"24.00"},{"$nulls":3},{"v":3.3,"d":"3.30"},null,{"$f":"SUM(H16:J16)","v":{"v":3.3,"d":"3.30"}},null,null,{"v":79.19999999999999,"d":"79.20"},null,{"v":79.19999999999999,"d":"79.20"}]
[null,null,"armatūras stieņi  AIII ø 8 mm, Bst500S","t",0.03,{"$nulls":3},457.75,null,{"$f":"SUM(H17:J17)","v":457.75},null,null,{"v":13.7325,"d":"13.73"},null,{"v":13.7325,"d":"13.73"}]
["2.","06-13016","Gāzbetona ailu pārsedžu montāža","gab.",{"v":3,"d":"3.00"},0.48,{"v":5.5,"d":"5.50"},{"v":2.6399999999999997,"d":"2.64"},null,null,{"v":2.6399999999999997,"d":"2.64"},{"$f":"E18*F18","v":{"v":1.44,"d":"1.4"}},{"$f":"E18*H18","v":{"v":7.919999999999999,"d":"7.92"}},null,null,{"v":7.919999999999999,"d":"7.92"}]
[null,null,"FIBO pārsedze 250x185x1190","gab.",{"v":3,"d":"3.00"},{"$nulls":3},28.37,null,28.37,null,null,85.11,null,85.11]
[null,null,"mūrjava  WEBER VETONIT M100/600, 25 kg","iep.",{"v":1,"d":"1.00"},{"$nulls":3},{"v":3.3,"d":"3.30"},null,{"v":3.3,"d":"3.30"},null,null,{"v":3.3,"d":"3.30"},null,{"v":3.3,"d":"3.30"}]
[3,"Dorša_kat._46.lpp_5-34d","Ģipškartona starpsienu izbūve ar  loksnēm un metāla karkasa CW 100 ","m2",77.69,2.2,5.5,{"$f":"F21*G21","v":{"v":12.100000000000001,"d":"12.10"}},null,null,{"$f":"SUM(H21:J21)","v":{"v":12.100000000000001,"d":"12.10"}},{"$f":"E21*F21","v":{"v":170.918,"d":"170.92"}},{"$f":"H21*E21","v":{"v":940.0490000000001,"d":"940.05"}},null,null,{"$f":"SUM(M21:O21)","v":{"v":940.0490000000001,"d":"940.05"}}]
[null,null,"Ģipškartona loksnes 2.5m","m2",{"$f":"E21*2","v":155.38},{"$nulls":3},2.13,null,2.13,null,null,{"$f":"I22*E22","v":{"v":330.95939999999996,"d":"330.96"}},null,{"v":330.95939999999996,"d":"330.96"}]
[null,null,"CW metāla profili 2.6m b=100mm","gab.",{"v":55,"d":"55.00"},{"$nulls":3},2.08,null,2.08,null,null,{"$f":"I23*E23","v":{"v":114.4,"d":"114.40"}},null,{"v":114.4,"d":"114.40"}]
[null,null,"UW metāla profili 3.0m b=100mm","gab.",{"v":22,"d":"22.00"},{"$nulls":3},1.99,null,1.99,null,null,43.78,null,43.78]
[]
[null,null,"Skrūves ar smalko vītni 32x3.5","1000. gab.",{"v":4.5,"d":"4.50"},{"$nulls":3},{"v":5.6,"d":"5.60"},null,{"v":5.6,"d":"5.60"},null,null,{"v":25.2,"d":"25.20"},null,{"v":25.2,"d":"25.20"}]
[null,null,"Sietlenta 90 m","m",{"v":285,"d":"285.00"},{"$nulls":3},{"v":0.046,"d":"0.05"},null,{"v":0.046,"d":"0.05"},null,null,13.11,null,13.11]
[null,null,"Smalkā ģipša špakteļmasa 25 kg","iep.",{"v":8,"d":"8.00"},{"$nulls":3},15.58,null,15.58,null,null,124.64,null,124.64]
[null,null,"Smilšpapīrs N 100","m2",{"v":1.5,"d":"1.50"},{"$nulls":3},{"v":5.5,"d":"5.50"},null,{"v":5.5,"d":"5.50"},null,null,8.25,null,8.25]
[4,"Dorša_kat._65.lpp_9-5b","Sienu/griestu gruntēšana","m2",{"$f":"E21*2","v":155.38},0.14,5.5,{"$f":"F30*G30","v":0.77},null,null,0.77,{"$f":"E30*F30","v":{"v":21.753200000000003,"d":"21.75"}},{"$f":"H30*E30","v":{"v":119.6426,"d":"119.64"}},null,null,{"v":119.6426,"d":"119.64"}]
[null,null,"Knauf grunts Tiefengrund LF 15l","l",{"v":20,"d":"20.00"},{"$nulls":3},0.75,null,0.75,null,null,{"$f":"I31*E31","v":{"v":15,"d":"15.00"}},null,{"v":15,"d":"15.00"}]
[5,"Dorša_kat._65.lpp_9-5","Sienu/griestu krāsošana","m2",{"v":146,"d":"146.00"},0.14,5.5,{"$f":"F32*G32","v":0.77},null,null,0.77,null,{"$f":"H32*E32","v":112.42},null,null,112.42]
[null,null,"Dufa Wandfarbe emulsija griestiem un sienām 10l","l",{"v":20,"d":"20.00"},{"$nulls":3},0.95,null,0.95,null,null,{"$f":"I33*E33","v":{"v":19,"d":"19.00"}},null,{"v":19,"d":"19.00"}]
[null,null,"mūrjava  WEBER VETONIT M100/600, 25 kg","iep.",{"v":3,"d":"3.00"},{"$nulls":3},{"v":1.8328,"d":"1.83"},null,{"v":1.8328,"d":"1.83"},null,null,{"v":5.4984,"d":"5.50"},null,{"v":5.4984,"d":"5.50"}]
[6,null,"Dzelsbetona paneļu montāžā ","gab.",{"v":41,"d":"41.00"},{"v":1.5,"d":"1.50"},{"v":5.5,"d":"5.50"},8.25,null,null,8.25,61.5,338.25,null,null,338.25]
[null,null,"Dz/b panelis C-1 160x2130x4800","m2",{"$f":"2.13*4.8*22","v":{"v":224.92799999999997,"d":"224.93"}},{"$nulls":3},{"v":60,"d":"60.00"},null,{"v":60,"d":"60.00"},null,null,{"v":13495.679999999998,"d":"13,495.68"},null,{"v":13495.679999999998,"d":"13,495.68"}]
[null,null,"Dz/b panelis C-2 160x2130x2810","m2",{"$f":"2.81*2.13*2","v":{"v":11.9706,"d":"11.97"}},{"$nulls":3},{"v":60,"d":"60.00"},null,{"v":60,"d":"60.00"},null,null,{"v":718.236,"d":"718.24"},null,{"v":718.236,"d":"718.24"}]
[null,null,"Dz/b panelis C-3 160x1180x3100","m2",{"$f":"1.18*3.1*2","v":{"v":7.316,"d":"7.32"}},{"$nulls":3},{"v":60,"d":"60.00"},null,{"v":60,"d":"60.00"},null,null,438.96,null,438.96]
[null,null,"Dz/b panelis C-4 160x2130x4810","m2",{"$f":"2.12*4.18*2","v":{"v":17.7232,"d":"17.72"}},{"$nulls":3},{"v":60,"d":"60.00"},null,{"v":60,"d":"60.00"},null,null,{"v":1063.3919999999998,"d":"1,063.39"},null,{"v":1063.3919999999998,"d":"1,063.39"}]
[null,null,"Dz/b panelis C-5 160x1180x3150","m2",{"$f":"1.18*3.15*2","v":{"v":7.433999999999999,"d":"7.43"}},{"$nulls":3},{"v":60,"d":"60.00"},null,{"v":60,"d":"60.00"},null,null,{"v":446.03999999999996,"d":"446.04"},null,{"v":446.03999999999996,"d":"446.04"}]
[null,null,"Dz/b panelis C-6 160x1180x3070","m2",{"$f":"1.18*3.07*2","v":{"v":7.2452,"d":"7.25"}},{"$nulls":3},{"v":60,"d":"60.00"},null,{"v":60,"d":"60.00"},null,null,{"v":434.712,"d":"434.71"},null,{"v":434.712,"d":"434.71"}]
[null,null,"Dz/b panelis C-7 160x1180x3070","m2",{"$f":"1.18*3.07*2","v":{"v":7.2452,"d":"7.25"}},{"$nulls":3},{"v":60,"d":"60.00"},null,{"v":60,"d":"60.00"},null,null,{"v":434.712,"d":"434.71"},null,{"v":434.712,"d":"434.71"}]
[null,null,"Dz/b panelis C-8 160x2130x2810","m2",{"$f":"2.13*2.81*2","v":{"v":11.9706,"d":"11.97"}},{"$nulls":3},{"v":60,"d":"60.00"},null,{"$f":"SUM(H43:J43)","v":{"v":60,"d":"60.00"}},null,null,{"$f":"E43*I43","v":{"v":718.236,"d":"718.24"}},null,{"v":718.236,"d":"718.24"}]
[null,null,"Dz/b panelis SP-1 160x3300x4800","m2",{"$f":"3.3*4.8","v":{"v":15.839999999999998,"d":"15.84"}},{"$nulls":3},{"v":65,"d":"65.00"},null,{"v":65,"d":"65.00"},null,null,{"v":1029.6,"d":"1,029.60"},null,{"v":1029.6,"d":"1,029.60"}]
[null,null,"Dz/b panelis SP-2 160x3300x2810","m2",{"$f":"3.3*2.81","v":{"v":9.273,"d":"9.27"}},{"$nulls":3},{"v":65,"d":"65.00"},null,{"v":65,"d":"65.00"},null,null,{"v":602.745,"d":"602.75"}]
[null,null,"Dz/b panelis SP-3 160x3300x3100","m2",{"$f":"3.3*3.1","v":10.23},{"$nulls":3},{"v":65,"d":"65.00"},null,{"v":65,"d":"65.00"},null,null,664.95]
[null,null,"Dz/b panelis SP-4 160x3300x2620","m2",{"$f":"3.3*2.62","v":{"v":8.645999999999999,"d":"8.65"}},{"$nulls":3},{"v":65,"d":"65.00"},null,{"v":65,"d":"65.00"},null,null,{"v":561.9899999999999,"d":"561.99"}]
[null,null,"teleskopiskais iekrāvējs, 14m, 8t","maš/h",{"v":50,"d":"50.00"},{"$nulls":4},{"v":28,"d":"28.00"},{"v":28,"d":"28.00"},null,null,{"v":0,"d":"0.00"},{"$f":"E48*J48","v":{"v":1400,"d":"1,400.00"}},{"v":1400,"d":"1,400.00"}]
[7,null,"Tērauda skārda sienu apšūšana","m2",160.63,{"v":1.5,"d":"1.50"},{"v":5.5,"d":"5.50"},{"$f":"G49*F49","v":8.25},null,null,8.25,{"$f":"E49*F49","v":{"v":240.945,"d":"240.9"}},{"$f":"E49*H49","v":{"v":1325.1975,"d":"1,325.20"}},null,null,{"v":1325.1975,"d":"1,325.20"}]
[null,null,"Skārds T20 profils","m2",{"v":180,"d":"180.00"},{"$nulls":3},5.01,null,5.01,null,null,{"v":901.8,"d":"901.80"},null,{"v":901.8,"d":"901.80"}]
[null,null,"Skrūves ar smalko vītni 32x5,5, pašblīvējošās","1000 gab.",{"v":3.2,"d":"3.20"},{"$nulls":3},{"v":80,"d":"80.00"},null,{"v":80,"d":"80.00"},null,null,{"v":256,"d":"256.00"},null,{"v":256,"d":"256.00"}]
["  ","  "," Kopā",null,"  ","  ","  ","  ","  ","  ","  ",{"$f":"SUM(L14:L51)","v":{"v":660.1762,"d":"660.18"}},{"$f":"SUM(M14:M51)","v":{"v":3743.3891000000003,"d":"3743.39"}},{"$f":"SUM(N14:N51)","v":{"v":23770.633299999998,"d":"23770.63"}},{"$f":"SUM(O14:O51)","v":{"v":1400,"d":"1400.00"}},{"$f":"SUM(P14:P51)","v":{"v":27084.337399999997,"d":"27084.34"}}]
["  ","  "," Materiālu, grunts apmaiņas un būvgružu transporta izdevumi 5%",{"$nulls":10},{"$f":"N52*0.05","v":{"v":1188.531665,"d":"1188.53"}},null,{"$f":"N53","v":{"v":1188.531665,"d":"1188.53"}}]
["  ","  "," Tiešās izmaksas kopā",{"$nulls":9},{"$f":"M52+M53","v":{"v":3743.3891000000003,"d":"3743.39"}},{"$f":"N52+N53","v":{"v":24959.164964999996,"d":"24959.16"}},{"$f":"O52+O53","v":{"v":1400,"d":"1400.00"}},{"$f":"P52+P53","v":{"v":28272.869064999995,"d":"28272.87"}}]
[" Sastādīja",{"$nulls":5}," Pārbaudīja"]
[null,null," (paraksts un tā atšifrējums, datums)",{"$nulls":5}," (paraksts un tā atšifrējums, datums)"]

{"sheet":"6. Jumts","index":5,"n_rows":37,"n_cols":16,"rows_kept":37,"merged":[[0,0,0,15],[1,0,1,15],[2,0,2,15],[10,0,11,0],[10,1,11,1],[10,2,11,2],[10,3,11,3],[10,4,11,4],[10,5,10,10],[10,11,10,15],[31,2,31,3],[32,2,32,10],[33,2,33,10],[34,3,34,4],[34,5,34,7],[34,8,34,9]]}
["Lokālā tāme Nr.6"]
["Jumts"]
["(darba veids vai konstruktīvā elementa nosaukums)"]
["Būves nosaukums Ferma 65 slaucamām govīm "]
["Objekta nosaukums: Lauksaimniecības ēka"]
["Objekta adrese: "]
["Pasūtījuma Nr."]
[]
["Tāme sastādīta 2015 gada tirgus cenās, pamatojoties uz AR/DVP daļas rasējumiem.                            ",{"$nulls":10},"Tāmes izmaksas ",null,{"$f":"P34","v":{"v":37738.219894999995,"d":"€ 37,738.22"}}]
["Tāme sastādīta 2013. gada 22 novembrī"]
[" Nr.p.k."," Kods"," Darba nosaukums"," Mērvie-nība"," Dau-dzums"," Vienības izmaksas",{"$nulls":5}," Kopā uz visu apjomu"]
[{"$nulls":5}," laika norma (c/h)"," darba samaksas likme (EUR/h)"," darba alga (EUR)"," materiāli (EUR)"," mehā-nismi (EUR)"," kopā (EUR)"," darbietilpī-ba (c/h)"," darba alga (EUR)"," materiāli (EUR)"," mehā-nismi (EUR)"," summa (EUR)"]
[1,2,3,4,5,6,7,8,9,10,11,12,13,14,15,16]
[1,"13-00305","Siltumizolācijas ierīkošana","m2",1198.56,{"v":0.5,"d":"0.50"},{"v":5.5,"d":"5.50"},{"$f":"G14*F14","v":2.75},null,null,{"$f":"SUM(H14:J14)","v":2.75},{"$f":"E14*F14","v":{"v":599.28,"d":"599.3"}},{"$f":"E14*H14","v":{"v":3296.04,"d":"3,296.04"}},null,null,{"$f":"SUM(M14:O14)","v":{"v":3296.04,"d":"3,296.04"}}]
[null,null,"Poliuretāna siltumizolācijas paneļi, t=50mm","m2",1198.56,{"$nulls":3},17.19,null,17.19,null,null,{"$f":"E15*I15","v":{"v":20603.2464,"d":"20,603.25"}},null,{"v":20603.2464,"d":"20,603.25"}]
[null,null,"Stiprinājuma skrūves","1000 gab",{"v":1.2,"d":"1.20"},{"$nulls":3},75.14,null,75.14,null,null,{"v":90.16799999999999,"d":"90.17"},null,{"v":90.16799999999999,"d":"90.17"}]
[2,"09-09101","Jumta seguma ierīkošana","m2",1382.87,{"v":0.5,"d":"0.50"},{"v":5.5,"d":"5.50"},2.75,null,null,2.75,{"v":691.435,"d":"691.4"},{"v":3802.8925,"d":"3,802.89"},null,null,{"v":3802.8925,"d":"3,802.89"}]
[null,null,"Bezasbesta viļņotās jumta loksnes 2500x1130","m2",1382.87,{"$nulls":3},5.05,null,5.05,null,null,{"v":6983.4935,"d":"6,983.49"},null,{"v":6983.4935,"d":"6,983.49"}]
[null,null,"jumta skrūves sp.31 6x110","1000 gab.",0.65,{"$nulls":3},{"v":141,"d":"141.00"},null,{"v":141,"d":"141.00"},null,null,91.65,null,91.65]
[3,"09-15302","Notekcauruļu montāža","m",{"v":14,"d":"14.00"},{"v":0.5,"d":"0.50"},{"v":5.5,"d":"5.50"},{"$f":"G20*F20","v":2.75},null,null,2.75,{"$f":"E20*F20","v":{"v":7,"d":"7.0"}},{"$f":"E20*H20","v":{"v":38.5,"d":"38.50"}},null,null,{"v":38.5,"d":"38.50"}]
[null,null,"PVC notekcaurule ","m",{"v":41,"d":"41.00"},{"$nulls":3},3.98,null,3.98,null,null,163.18,null,163.18]
[null,null,"PVC notekcaurules izliekums","gab.",{"v":20,"d":"20.00"},{"$nulls":3},2.06,null,2.06,null,null,{"v":41.2,"d":"41.20"},null,{"v":41.2,"d":"41.20"}]
[null,null,"stiptinājumi","gab.",{"v":40,"d":"40.00"},{"$nulls":3},1.42,null,1.42,null,null,{"v":56.8,"d":"56.80"},null,{"v":56.8,"d":"56.80"}]
[4,"09-15006","Notekreņu montāža","m",{"v":25,"d":"25.00"},{"v":0.6,"d":"0.60"},{"v":5.5,"d":"5.50"},{"v":3.3,"d":"3.30"},null,null,{"v":3.3,"d":"3.30"},{"v":15,"d":"15.0"},{"v":82.5,"d":"82.50"},null,null,{"v":82.5,"d":"82.50"}]
[null,null,"PVC notektekne 127 mm","m",{"v":105.6,"d":"105.60"},{"$nulls":3},2.67,null,2.67,null,null,{"v":281.952,"d":"281.95"},null,{"v":281.952,"d":"281.95"}]
[null,null,"teknes gali","gab.",{"v":4,"d":"4.00"},{"$nulls":3},0.74,null,0.74,null,null,2.96,null,2.96]
[null,null,"stiptinājumi","gab.",{"v":35,"d":"35.00"},{"$nulls":3},1.25,null,1.25,null,null,43.75,null,43.75]
[null,null,"pacēlājs Haulotte H18SXL (18 m)","dienā",{"v":3,"d":"3.00"},{"$nulls":4},{"v":62.2,"d":"62.20"},{"v":62.2,"d":"62.20"},{"$nulls":3},{"$f":"E28*J28","v":{"v":186.60000000000002,"d":"186.60"}},{"v":186.60000000000002,"d":"186.60"}]
[5,null,"Vējmalu/koru apdare ar skārdu","tm",{"v":25,"d":"25.00"},{"v":0.6,"d":"0.60"},{"v":5.5,"d":"5.50"},{"$f":"G29*F29","v":{"v":3.3,"d":"3.30"}},null,null,{"$f":"SUM(H29:J29)","v":{"v":3.3,"d":"3.30"}},{"$f":"E29*F29","v":{"v":15,"d":"15.0"}},{"$f":"E29*H29","v":{"v":82.5,"d":"82.50"}},null,null,{"$f":"SUM(M29:O29)","v":{"v":82.5,"d":"82.50"}}]
[null,null,"Skārda apšuvums","tm",{"v":110,"d":"110.00"},{"$nulls":3},3.81,null,3.81,null,null,{"$f":"E30*I30","v":{"v":419.1,"d":"419.10"}},null,{"v":419.1,"d":"419.10"}]
[null,null,"skrūves sp.31 4,8x45","1000 gab.",0.25,{"$nulls":3},{"v":125,"d":"125.00"},null,117.25,null,null,31.25,null,31.25]
["  ","  "," Kopā",null,"  ","  ","  ","  ","  ","  ","  ",{"$f":"SUM(L14:L28)","v":{"v":1312.715,"d":"1312.72"}},{"$f":"SUM(M14:M28)","v":{"v":7219.9325,"d":"7219.93"}},{"$f":"SUM(N14:N31)","v":{"v":28808.749900000003,"d":"28808.75"}},{"$f":"SUM(O14:O28)","v":{"v":186.60000000000002,"d":"186.60"}},{"$f":"SUM(P14:P31)","v":{"v":36297.7824,"d":"36297.78"}}]
["  ","  "," Materiālu, grunts apmaiņas un būvgružu transporta izdevumi 5%",{"$nulls":10},{"$f":"N32*0.05","v":{"v":1440.4374950000001,"d":"1440.44"}},null,{"$f":"N33","v":{"v":1440.4374950000001,"d":"1440.44"}}]
["  ","  "," Tiešās izmaksas kopā",{"$nulls":9},{"$f":"M32+M33","v":{"v":7219.9325,"d":"7219.93"}},{"$f":"N32+N33","v":{"v":30249.187395,"d":"30249.19"}},{"$f":"O32+O33","v":{"v":186.60000000000002,"d":"186.60"}},{"$f":"P32+P33","v":{"v":37738.219894999995,"d":"37738.22"}}]
["  ","  ","  ","  ",null,"  ",null,null,"  ",null,"  ","  ","  ",null,null,"  "]
[" Sastādīja",{"$nulls":5}," Pārbaudīja"]
[null,null," (paraksts un tā atšifrējums, datums)",{"$nulls":5}," (paraksts un tā atšifrējums, datums)"]

{"sheet":"7. Grīdas","index":6,"n_rows":39,"n_cols":16,"rows_kept":39,"merged":[[0,0,0,15],[1,0,1,15],[2,0,2,15],[10,0,11,0],[10,1,11,1],[10,2,11,2],[10,3,11,3],[10,4,11,4],[10,5,10,10],[10,11,10,15],[33,2,33,3],[34,2,34,10],[35,2,35,10],[36,3,36,4],[36,5,36,7],[36,8,36,9]]}
["Lokālā tāme Nr.7"]
["Grīdas"]
["(darba veids vai konstruktīvā elementa nosaukums)"]
["Būves nosaukums Ferma 65 slaucamām govīm "]
["Objekta nosaukums: Lauksaimniecības ēka"]
["Objekta adrese: "]
["Pasūtījuma Nr."]
[]
["Tāme sastādīta 2015 gada tirgus cenās, pamatojoties uz AR/DVP daļas rasējumiem.                            ",{"$nulls":10},"Tāmes izmaksas ",null,{"$f":"P36","v":{"v":16778.459865,"d":"€ 16,778.46"}}]
["Tāme sastādīta 2013. gada 22 novembrī"]
[" Nr.p.k."," Kods"," Darba nosaukums"," Mērvie-nība"," Dau-dzums"," Vienības izmaksas",{"$nulls":5}," Kopā uz visu apjomu"]
[{"$nulls":5}," laika norma (c/h)"," darba samaksas likme (EUR/h)"," darba alga (EUR)"," materiāli (EUR)"," mehā-nismi (EUR)"," kopā (EUR)"," darbietilpī-ba (c/h)"," darba alga (EUR)"," materiāli (EUR)"," mehā-nismi (EUR)"," summa (EUR)"]
[1,2,3,4,5,6,7,8,9,10,11,12,13,14,15,16]
["1.","Dorša_kat._26.lpp_1-39","Grunts blietēšana (kf=0.95)","m3",8.43,0.86,{"v":5.5,"d":"5.50"},{"$f":"G14*F14","v":{"v":4.7299999999999995,"d":"4.73"}},null,null,{"$f":"SUM(H14:J14)","v":{"v":4.7299999999999995,"d":"4.73"}},{"$f":"E14*F14","v":{"v":7.2498,"d":"7.2"}},{"$f":"E14*H14","v":{"v":39.87389999999999,"d":"39.87"}},null,null,{"$f":"SUM(M14:O14)","v":{"v":39.87389999999999,"d":"39.87"}}]
[null,null,"vibrobliete - Enarco ZREN 3020, 210 kg","dien.",{"v":1,"d":"1.00"},{"$nulls":4},{"v":35,"d":"35.00"},{"$f":"SUM(H15:J15)","v":{"v":35,"d":"35.00"}},{"$nulls":3},{"$f":"E15*J15","v":{"v":35,"d":"35.00"}},{"v":35,"d":"35.00"}]
["2.","Dorša_kat._26.lpp_1-39","Dolomītšķembu ierīkošana un blietēšana (kf=0.95), b=150 mm","m3",6.32,0.86,{"v":5.5,"d":"5.50"},{"v":4.7299999999999995,"d":"4.73"},null,null,{"$f":"SUM(H16:J16)","v":{"v":4.7299999999999995,"d":"4.73"}},{"$f":"E16*F16","v":{"v":5.4352,"d":"5.4"}},{"$f":"E16*H16","v":{"v":29.8936,"d":"29.89"}},null,null,{"v":29.8936,"d":"29.89"}]
[null,null,"dolomītšķembas , d=40-70 mm","t",{"v":56.9,"d":"56.90"},{"$nulls":3},4.35,null,{"$f":"SUM(H17:J17)","v":4.35},null,null,{"$f":"E17*I17","v":{"v":247.515,"d":"247.52"}},null,{"v":247.515,"d":"247.52"}]
[null,null,"vibrobliete - Enarco ZREN 3020, 210 kg","dien.",{"v":2,"d":"2.00"},{"$nulls":4},{"v":35,"d":"35.00"},{"$f":"SUM(H18:J18)","v":{"v":35,"d":"35.00"}},{"$nulls":3},{"$f":"E18*J18","v":{"v":70,"d":"70.00"}},{"$f":"SUM(M18:O18)","v":{"v":70,"d":"70.00"}}]
[3,"13-00103","Hidroizolācijas ieklāšana","m2",100.52,{"v":0.1,"d":"0.10"},{"v":5.5,"d":"5.50"},0.55,null,null,0.55,{"$f":"E19*F19","v":{"v":10.052,"d":"10.1"}},{"$f":"E19*H19","v":{"v":55.286,"d":"55.29"}},null,null,{"v":55.286,"d":"55.29"}]
[null,null,"hidroizolācija - polietilēna plēve ELT-PEFOIL 200 (0.2 mm)","m2",{"$f":"E19","v":100.52},{"$nulls":3},0.45,null,0.45,null,null,{"v":45.234,"d":"45.23"},null,{"v":45.234,"d":"45.23"}]
[4,"13-00203","Siltumizolācijas ierīkošana","m2",{"v":69,"d":"69.00"},0.18,{"v":5.5,"d":"5.50"},0.99,null,null,0.99,{"v":12.42,"d":"12.4"},68.31,null,null,68.31]
[null,null,"Ekstrudētais putupolistirols EPS150, t=100mm","m2",100.52,{"$nulls":3},6.48,null,6.48,null,null,{"v":651.3696,"d":"651.37"},null,{"v":651.3696,"d":"651.37"}]
[5,"05-30032","Smalkgraudaina stiegrota betona izveide, b=100 mm","m3",42.38,5.28,{"v":5.5,"d":"5.50"},{"v":29.040000000000003,"d":"29.04"},null,null,{"v":29.040000000000003,"d":"29.04"},{"v":223.76640000000003,"d":"223.8"},{"v":1230.7152,"d":"1,230.72"},null,null,{"v":1230.7152,"d":"1,230.72"}]
[null,null,"betons C25/30","m3",{"$f":"E23","v":42.38},{"$nulls":3},57.99,null,57.99,null,null,{"v":2457.6162000000004,"d":"2,457.62"},null,{"v":2457.6162000000004,"d":"2,457.62"}]
[null,null,"armatūras siets  AIII ø 8 mm, s=150x150 mm","t",2.23,{"$nulls":3},457.75,null,457.75,null,null,{"v":1020.7825,"d":"1,020.78"},null,{"v":1020.7825,"d":"1,020.78"}]
[null,null,"distanceri Parafix 35 mm","gab.",{"v":800,"d":"800.00"},{"$nulls":3},{"v":0.0632,"d":"0.06"},null,{"v":0.0632,"d":"0.06"},null,null,50.56,null,50.56]
[null,null,"sūknis betona sūknēšanai","maš/h",{"v":5,"d":"5.00"},{"$nulls":4},{"v":65,"d":"65.00"},{"v":65,"d":"65.00"},null,null,{"v":0,"d":"0.00"},{"$f":"E27*J27","v":{"v":325,"d":"325.00"}},{"v":325,"d":"325.00"}]
[null,null,"transporta izdevumi (betona piegādei)","maš/h",{"v":5,"d":"5.00"},{"$nulls":4},{"v":30,"d":"30.00"},{"$f":"SUM(H28:J28)","v":{"v":30,"d":"30.00"}},{"$nulls":3},{"$f":"E28*J28","v":{"v":150,"d":"150.00"}},{"v":150,"d":"150.00"}]
[6,null,"Redeļgrīdu montāža","m2",{"v":460,"d":"460.00"},{"v":0.5,"d":"0.50"},{"v":5.5,"d":"5.50"},2.75,null,null,2.75,{"v":230,"d":"230.0"},{"v":1265,"d":"1,265.00"},null,null,{"v":1265,"d":"1,265.00"}]
[null,null,"Geīdas redeles ar izmēriem 2500x350x140mm","gab.",{"v":298,"d":"298.00"},{"$nulls":3},19.25,null,19.25,null,null,{"v":5736.5,"d":"5,736.50"},null,{"v":5736.5,"d":"5,736.50"}]
[null,null,"Geīdas redeles ar izmēriem 3000x350x140mm","gab.",{"v":115,"d":"115.00"},{"$nulls":3},{"v":23.1,"d":"23.10"},null,{"v":23.1,"d":"23.10"},null,null,{"v":2656.5,"d":"2,656.50"},null,{"v":2656.5,"d":"2,656.50"}]
[null,null,"Geīdas redeles ar izmēriem 3200x350x140mm","gab.",{"v":21,"d":"21.00"},{"$nulls":3},24.64,null,{"$f":"SUM(H32:J32)","v":24.64},null,null,{"$f":"E32*I32","v":517.44},null,{"$f":"SUM(M32:O32)","v":517.44}]
[null,null,"Geīdas redeles ar izmēriem 2000x350x140mm","gab.",{"v":79,"d":"79.00"},{"$nulls":3},{"v":15.4,"d":"15.40"},null,{"v":15.4,"d":"15.40"},null,null,{"v":1216.6000000000001,"d":"1,216.60"},null,{"v":1216.6000000000001,"d":"1,216.60"}]
["  ","  "," Kopā",null,"  ","  ","  ","  ","  ","  ","  ",{"$f":"SUM(L14:L31)","v":{"v":488.9234,"d":"488.92"}},{"$f":"SUM(M14:M31)","v":{"v":2689.0787,"d":"2689.08"}},{"$f":"SUM(N14:N31)","v":{"v":12866.0773,"d":"12866.08"}},{"$f":"SUM(O14:O31)","v":{"v":580,"d":"580.00"}},{"$f":"SUM(P14:P31)","v":{"v":16135.156,"d":"16135.16"}}]
["  ","  "," Materiālu, grunts apmaiņas un būvgružu transporta izdevumi 5%",{"$nulls":10},{"$f":"N34*0.05","v":{"v":643.3038650000001,"d":"643.30"}},null,{"$f":"N35","v":{"v":643.3038650000001,"d":"643.30"}}]
["  ","  "," Tiešās izmaksas kopā",{"$nulls":9},{"$f":"M34+M35","v":{"v":2689.0787,"d":"2689.08"}},{"$f":"N34+N35","v":{"v":13509.381165,"d":"13509.38"}},{"$f":"O34+O35","v":{"v":580,"d":"580.00"}},{"$f":"P34+P35","v":{"v":16778.459865,"d":"16778.46"}}]
["  ","  ","  ","  ",null,"  ",null,null,"  ",null,"  ","  ","  ",null,null,"  "]
[" Sastādīja",{"$nulls":5}," Pārbaudīja"]
[null,null," (paraksts un tā atšifrējums, datums)",{"$nulls":5}," (paraksts un tā atšifrējums, datums)"]

{"sheet":"8. Ailu aizpildījumi","index":7,"n_rows":57,"n_cols":16,"rows_kept":57,"merged":[[0,0,0,15],[1,0,1,15],[2,0,2,15],[10,0,11,0],[10,1,11,1],[10,2,11,2],[10,3,11,3],[10,4,11,4],[10,5,10,10],[10,11,10,15],[51,2,51,3],[52,2,52,10],[53,2,53,10],[54,3,54,4],[54,5,54,7],[54,8,54,9]]}
["Lokālā tāme Nr.8"]
["Ailu aizpildījumi"]
["(darba veids vai konstruktīvā elementa nosaukums)"]
["Būves nosaukums Ferma 65 slaucamām govīm "]
["Objekta nosaukums: Lauksaimniecības ēka"]
["Objekta adrese: "]
["Pasūtījuma Nr."]
[]
["Tāme sastādīta 2015 gada tirgus cenās, pamatojoties uz AR/DVP daļas rasējumiem.                            ",{"$nulls":10},"Tāmes izmaksas ",null,{"$f":"P54","v":{"v":5143.6433099999995,"d":"€ 5,143.64"}}]
["Tāme sastādīta 2013. gada 22 novembrī"]
[" Nr.p.k."," Kods"," Darba nosaukums"," Mērvie-nība"," Dau-dzums"," Vienības izmaksas",{"$nulls":5}," Kopā uz visu apjomu"]
[{"$nulls":5}," laika norma (c/h)"," darba samaksas likme (EUR/h)"," darba alga (EUR)"," materiāli (EUR)"," mehā-nismi (EUR)"," kopā (EUR)"," darbietilpī-ba (c/h)"," darba alga (EUR)"," materiāli (EUR)"," mehā-nismi (EUR)"," summa (EUR)"]
[1,2,3,4,5,6,7,8,9,10,11,12,13,14,15,16]
[null,null,"Logu montāža"]
["1.","08-03001","Loga L-1 - PVC rāmis, stikla pakete, krāsojums - balts, verams uz iekšu. Uzstādīšana","gab.",{"v":5,"d":"5.00"},{"v":2.6,"d":"2.60"},{"v":5.5,"d":"5.50"},{"$f":"G15*F15","v":{"v":14.3,"d":"14.30"}},null,null,{"$f":"SUM(H15:J15)","v":{"v":14.3,"d":"14.30"}},{"$f":"E15*F15","v":{"v":13,"d":"13.0"}},{"$f":"E15*H15","v":{"v":71.5,"d":"71.50"}},null,null,{"$f":"SUM(M15:O15)","v":{"v":71.5,"d":"71.50"}}]
[null,null,"PVC logs 1200x1800 mm","gab.",{"v":5,"d":"5.00"},{"$nulls":3},{"v":95,"d":"95.00"},null,{"$f":"SUM(H16:J16)","v":{"v":95,"d":"95.00"}},null,null,{"$f":"E16*I16","v":{"v":475,"d":"475.00"}},null,{"$f":"SUM(M16:O16)","v":{"v":475,"d":"475.00"}}]
[null,null,"iekšējā palodze PVC, L=1200 mm (b=300 mm)","m",{"v":2.4,"d":"2.40"},{"$nulls":3},4.77,null,{"$f":"SUM(H17:J17)","v":4.77},null,null,{"v":11.447999999999999,"d":"11.45"},null,{"v":11.447999999999999,"d":"11.45"}]
[null,null,"kronšteini","gab.",{"v":20,"d":"20.00"},{"$nulls":3},0.32,null,0.32,null,null,{"v":6.4,"d":"6.40"},null,{"v":6.4,"d":"6.40"}]
[null,null,"dībelis 10x100+skrūve (6)","iep.",{"v":20,"d":"20.00"},{"$nulls":3},1.28,null,1.28,null,null,{"v":25.6,"d":"25.60"},null,{"v":25.6,"d":"25.60"}]
[null,null,"montāžas putas - PENOSIL GoldGun PU-Foam 65 (900 ml)","gab.",{"v":4,"d":"4.00"},{"$nulls":3},3.04,null,3.04,null,null,12.16,null,12.16]
[null,null,"putu pistole - PENOSIL Foam Gun G1","gab.",{"v":1,"d":"1.00"},{"$nulls":3},{"v":15,"d":"15.00"},null,{"v":15,"d":"15.00"},null,null,{"v":15,"d":"15.00"},null,{"v":15,"d":"15.00"}]
[null,null,"Durvju montāža"]
[2,"08-03707","Ārdurvju D-2 - PVC  krāsa - balta, rokturis - FSB 1076 alumīnija. Uzstādīšana","gab.",{"v":2,"d":"2.00"},{"v":2.7,"d":"2.70"},{"v":5.5,"d":"5.50"},{"v":14.850000000000001,"d":"14.85"},null,null,{"v":14.850000000000001,"d":"14.85"},{"$f":"E23*F23","v":5.4},{"$f":"E23*H23","v":{"v":29.700000000000003,"d":"29.70"}},null,null,{"v":29.700000000000003,"d":"29.70"}]
[null,null,"PVC durvis, b=1000 mm, h=2100 mm","gab.",{"v":2,"d":"2.00"},{"$nulls":3},{"v":78,"d":"78.00"},null,{"v":78,"d":"78.00"},null,null,{"v":156,"d":"156.00"},null,{"v":156,"d":"156.00"}]
[null,null,"kronšteini","gab.",{"v":8,"d":"8.00"},{"$nulls":3},0.32,null,0.32,null,null,2.56,null,2.56]
[null,null,"dībelis 10x100+skrūve (6)","iep.",{"v":8,"d":"8.00"},{"$nulls":3},1.28,null,1.28,null,null,10.24,null,10.24]
[null,null,"montāžas putas - PENOSIL GoldGun PU-Foam 65 (900 ml)","gab.",{"v":2,"d":"2.00"},{"$nulls":3},3.04,null,3.04,null,null,6.08,null,6.08]
[3,"08-03701","Ārdurvju D-1 - PVC konstrukcija, krāsa - balta, rokturis - FSB 1076 alumīnija. Uzstādīšana","gab.",{"v":8,"d":"8.00"},{"v":2.7,"d":"2.70"},{"v":5.5,"d":"5.50"},{"$f":"G28*F28","v":{"v":14.850000000000001,"d":"14.85"}},null,null,{"v":14.850000000000001,"d":"14.85"},21.6,{"v":118.80000000000001,"d":"118.80"},null,null,{"v":118.80000000000001,"d":"118.80"}]
[null,null,"PVC durvis, b=800 mm, h=2100 mm","gab.",{"v":8,"d":"8.00"},{"$nulls":3},65.15,null,65.15,null,null,{"v":521.2,"d":"521.20"},null,{"v":521.2,"d":"521.20"}]
[null,null,"kronšteini","gab.",{"v":32,"d":"32.00"},{"$nulls":3},{"$f":"I25","v":0.32},null,0.32,null,null,10.24,null,10.24]
[null,null,"dībelis 10x100+skrūve (6)","iep.",{"v":32,"d":"32.00"},{"$nulls":3},{"v":0.9006,"d":"0.90"},null,{"v":0.9006,"d":"0.90"},null,null,{"v":28.8192,"d":"28.82"},null,{"v":28.8192,"d":"28.82"}]
[null,null,"montāžas putas - PENOSIL GoldGun PU-Foam 65 (900 ml)","gab.",{"v":6,"d":"6.00"},{"$nulls":3},{"v":2.6307,"d":"2.63"},null,{"v":2.6307,"d":"2.63"},null,null,{"v":15.7842,"d":"15.78"},null,{"v":15.7842,"d":"15.78"}]
[4,"08-03707","Vārti D-3Tērauda karkasa, siltinātas; -Koka dēļu apšuvums, krāsots;  ","gab.",{"v":4,"d":"4.00"},{"v":2.7,"d":"2.70"},{"v":5.5,"d":"5.50"},{"v":14.850000000000001,"d":"14.85"},null,null,{"v":14.850000000000001,"d":"14.85"},10.8,{"v":59.400000000000006,"d":"59.40"},null,null,{"v":59.400000000000006,"d":"59.40"}]
[null,null,"Vārti D-3, b=2800mm, h=3600mm","gab.",{"v":4,"d":"4.00"},{"$nulls":3},{"v":375,"d":"375.00"},null,{"v":375,"d":"375.00"},null,null,{"v":1500,"d":"1,500.00"},null,{"v":1500,"d":"1,500.00"}]
[null,null,"kronšteini","gab.",{"v":16,"d":"16.00"},{"$nulls":3},0.45,null,0.45,null,null,{"v":7.2,"d":"7.20"},null,{"v":7.2,"d":"7.20"}]
[4,"08-03707","Vārti D-4 Tērauda karkasa, siltinātas; -Koka dēļu apšuvums, krāsots;  ","gab.",{"v":2,"d":"2.00"},{"v":2.7,"d":"2.70"},{"v":5.5,"d":"5.50"},{"$f":"G36*F36","v":{"v":14.850000000000001,"d":"14.85"}},null,null,{"$f":"SUM(H36:J36)","v":{"v":14.850000000000001,"d":"14.85"}},{"$f":"E36*F36","v":5.4},{"$f":"E36*H36","v":{"v":29.700000000000003,"d":"29.70"}},null,null,{"$f":"SUM(M36:O36)","v":{"v":29.700000000000003,"d":"29.70"}}]
[null,null,"Vārti D-4, b=4500mm, h=3600mm","gab.",{"v":2,"d":"2.00"},{"$nulls":3},{"v":420,"d":"420.00"},null,{"v":420,"d":"420.00"},null,null,{"$f":"E37*I37","v":{"v":840,"d":"840.00"}},null,{"v":840,"d":"840.00"}]
[null,null,"kronšteini","gab.",{"v":8,"d":"8.00"},{"$nulls":3},0.45,null,0.45,null,null,{"v":3.6,"d":"3.60"},null,{"v":3.6,"d":"3.60"}]
[4,"08-03707","Vārti D-5Tērauda karkasa, siltinātas; -Koka dēļu apšuvums, krāsots;  ","gab.",{"v":1,"d":"1.00"},{"v":2.7,"d":"2.70"},{"v":5.5,"d":"5.50"},{"$f":"G39*F39","v":{"v":14.850000000000001,"d":"14.85"}},null,null,{"v":14.850000000000001,"d":"14.85"},{"$f":"E39*F39","v":2.7},{"$f":"E39*H39","v":{"v":14.850000000000001,"d":"14.85"}},null,null,{"v":14.850000000000001,"d":"14.85"}]
[null,null,"Vārti D-25, b=2200mm, h=3600mm","gab.",{"v":1,"d":"1.00"},{"$nulls":3},{"v":320,"d":"320.00"},null,{"v":320,"d":"320.00"},null,null,{"$f":"E40*I40","v":{"v":320,"d":"320.00"}},null,{"v":320,"d":"320.00"}]
[null,null,"kronšteini","gab.",{"v":4,"d":"4.00"},{"$nulls":3},0.45,null,0.45,null,null,{"v":1.8,"d":"1.80"},null,{"v":1.8,"d":"1.80"}]
[4,"08-03707","Vārti D-6 Iebūvētas personāla durvis. Ar vārtu atvēršanas aprīkojumu no iekšpuses, Aprīkoti ar nokrišanas aizsardzību, Krāsotas (tonis-brūns RAL 8016);","gab.",{"v":1,"d":"1.00"},{"v":2.7,"d":"2.70"},{"v":5.5,"d":"5.50"},{"$f":"G42*F42","v":{"v":14.850000000000001,"d":"14.85"}},null,null,{"$f":"SUM(H42:J42)","v":{"v":14.850000000000001,"d":"14.85"}},{"$f":"E42*F42","v":2.7},{"$f":"E42*H42","v":{"v":14.850000000000001,"d":"14.85"}},null,null,{"$f":"SUM(M42:O42)","v":{"v":14.850000000000001,"d":"14.85"}}]
[null,null,"Vārti D-6, b=1500mm, h=2800mm","gab.",{"v":1,"d":"1.00"},{"$nulls":3},{"v":400,"d":"400.00"},null,{"v":400,"d":"400.00"},null,null,{"$f":"E43*I43","v":{"v":400,"d":"400.00"}},null,{"v":400,"d":"400.00"}]
[null,null,"kronšteini","gab.",{"v":4,"d":"4.00"},{"$nulls":3},0.45,null,0.45,null,null,{"v":1.8,"d":"1.80"},null,{"v":1.8,"d":"1.80"}]
[null,null,"montāžas putas - PENOSIL GoldGun PU-Foam 65 (900 ml)","gab.",{"v":1,"d":"1.00"},{"$nulls":3},{"v":2.6307,"d":"2.63"},null,{"v":2.6307,"d":"2.63"},null,null,{"v":2.6307,"d":"2.63"},null,{"v":2.6307,"d":"2.63"}]
["6.",null,"Logu ailu apdare no iekšpuses","m",{"v":30,"d":"30.00"},{"v":0.5,"d":"0.50"},{"v":5.5,"d":"5.50"},2.75,null,null,2.75,{"v":15,"d":"15.0"},{"v":82.5,"d":"82.50"},null,null,{"v":82.5,"d":"82.50"}]
[null,null,"stūra līste ar armējošo sietu","m",{"v":30,"d":"30.00"},{"$nulls":3},0.25,null,0.25,null,null,{"v":7.5,"d":"7.50"},null,{"v":7.5,"d":"7.50"}]
[null,null,"špaktele Sheetrock Light","kg",{"v":25,"d":"25.00"},{"$nulls":3},{"v":0.8,"d":"0.80"},null,{"v":0.8,"d":"0.80"},null,null,{"v":20,"d":"20.00"},null,{"v":20,"d":"20.00"}]
["7.",null,"Durvju ailu apdare no iekšpuses","m",30.85,{"v":0.5,"d":"0.50"},{"v":5.5,"d":"5.50"},2.75,null,null,2.75,{"v":15.425,"d":"15.4"},{"v":84.8375,"d":"84.84"},null,null,{"v":84.8375,"d":"84.84"}]
[null,null,"stūra līste ar armējošo sietu","m",30.85,{"$nulls":3},0.25,null,0.25,null,null,{"v":7.7125,"d":"7.71"},null,{"v":7.7125,"d":"7.71"}]
[null,null,"špaktele Sheetrock Light","kg",{"$f":"E49*0.2*1.6","v":{"v":9.872000000000002,"d":"9.87"}},{"$nulls":3},{"v":0.8,"d":"0.80"},null,{"v":0.8,"d":"0.80"},null,null,{"v":7.8976000000000015,"d":"7.90"},null,{"v":7.8976000000000015,"d":"7.90"}]
["  ","  "," Kopā",null,"  ","  ","  ","  ","  ","  ","  ",{"$f":"SUM(L14:L51)","v":{"v":92.02499999999999,"d":"92.03"}},{"$f":"SUM(M14:M51)","v":{"v":506.13750000000005,"d":"506.14"}},{"$f":"SUM(N14:N51)","v":{"v":4416.6722,"d":"4416.67"}},{"$f":"SUM(O14:O51)","v":{"v":0,"d":"0.00"}},{"$f":"SUM(P14:P51)","v":{"v":4922.8097,"d":"4922.81"}}]
["  ","  "," Materiālu, grunts apmaiņas un būvgružu transporta izdevumi 5%",{"$nulls":10},{"$f":"N52*0.05","v":{"v":220.83361000000002,"d":"220.83"}},null,{"$f":"N53","v":{"v":220.83361000000002,"d":"220.83"}}]
["  ","  "," Tiešās izmaksas kopā",{"$nulls":9},{"$f":"M52+M53","v":{"v":506.13750000000005,"d":"506.14"}},{"$f":"N52+N53","v":{"v":4637.50581,"d":"4637.51"}},{"$f":"O52+O53","v":{"v":0,"d":"0.00"}},{"$f":"P52+P53","v":{"v":5143.6433099999995,"d":"5143.64"}}]
["  ","  ","  ","  ",null,"  ",null,null,"  ",null,"  ","  ","  ",null,null,"  "]
[" Sastādīja",{"$nulls":5}," Pārbaudīja"]
[null,null," (paraksts un tā atšifrējums, datums)",{"$nulls":5}," (paraksts un tā atšifrējums, datums)"]

{"sheet":"9. Aprīkojums","index":8,"n_rows":33,"n_cols":16,"rows_kept":33,"merged":[[0,0,0,15],[1,1,1,15],[10,3,11,3],[10,4,11,4],[10,5,10,10],[10,11,10,15],[27,2,27,3],[28,2,28,10],[29,2,29,10],[30,3,30,4],[30,5,30,7],[30,8,30,9]]}
["Lokālā tāme Nr.9"]
[null,"Fermas tehnologiskais aprīkojums"]
[{"$nulls":3},"(darba veids vai konstruktīvā elementa nosaukums)"]
["Būves nosaukums Ferma 65 slaucamām govīm "]
["Objekta nosaukums: Lauksaimniecības ēka rob. +kanali"]
["Objekta adrese: "]
["Pasūtījuma Nr."]
[]
["Tāme sastādīta 2015 gada tirgus cenās, pamatojoties uz AR/BK daļas rasējumiem.                            ",{"$nulls":10},"Tāmes izmaksas ",null,{"$f":"P47","v":0},{"$f":"P30","v":{"v":183880.2,"d":"183880.20"}}]
["Tāme sastādīta 2015. gada 22 novembrī"]
[" Nr."," Kods"," Darba"," Mērvie-nība"," Dau-dzums"," Vienības izmaksas",{"$nulls":5}," Kopā uz visu apjomu"]
["p.k.",null,"nosaukums",null,null," laika norma (c/h)"," darba samaksas likme (EUR/h)"," darba alga (EUR)"," materiāli  (EUR)"," mehā-nismi  (EUR)"," kopā  (EUR)"," darbietilpī-ba (c/h)"," darba alga (EUR)"," materiāli  (EUR)"," mehā-nismi  (EUR)"," kopā  (EUR)"]
[1,2,3,4,5,6,7,8,9,10,11,12,13,14,15,16]
[1,null,"Slaukšanas robots MiOne-1 viena boksa sistēma līdz 200 slaukumiem ar virzīto izeju un selekcijas vārtiem trīs virzienos, automātiskā atpazīšana.",{"$nulls":5},{"v":99000,"d":"99000.00"},{"$nulls":4},{"v":99000,"d":"99000.00"},null,{"v":99000,"d":"99000.00"}]
[2,null,"Piena dzesētājs 2100 litri,Robota versija ar ūdens \nrekuperācijas sistēmu",{"$nulls":5},{"v":12500,"d":"12500.00"},{"$nulls":4},{"v":12500,"d":"12500.00"},null,{"v":12500,"d":"12500.00"}]
[3,null,"Ar jūgvārpstu darbināms maisītājs kanāliem",{"$nulls":5},{"v":6600,"d":"6600.00"},{"$nulls":4},{"v":6600,"d":"6600.00"},null,{"v":6600,"d":"6600.00"}]
[4,null,"Sparaugu grīdu tīrīšanas robots-stūmējs",{"$nulls":5},{"v":14600,"d":"14600.00"},{"$nulls":4},{"v":14600,"d":"14600.00"},null,{"v":14600,"d":"14600.00"}]
[5,null,"Govju birstes 2 komplekti",{"$nulls":5},{"v":2320,"d":"2320.00"},{"$nulls":4},{"v":2320,"d":"2320.00"},null,{"v":2320,"d":"2320.00"}]
[6,null,"Guļvietas kūtī 96 vietas OPTIMA",{"$nulls":5},{"v":8200,"d":"8200.00"},{"$nulls":4},{"v":8200,"d":"8200.00"},null,{"v":8200,"d":"8200.00"}]
[7,null,"Krūšu atbaslst 96  guļvietām ",{"$nulls":5},{"v":1600,"d":"1600.00"},{"$nulls":4},{"v":1600,"d":"1600.00"},null,{"v":1600,"d":"1600.00"}]
[8,null,"Govju dzirdnes 2x WM 600, 1x WM 300",{"$nulls":5},{"v":1950,"d":"1950.00"},{"$nulls":4},{"v":1950,"d":"1950.00"},null,{"v":1950,"d":"1950.00"}]
[9,null,"Vārti kūtī kopā 13 kompl 2,6 līdz 3,2 metri",{"$nulls":5},{"v":3040,"d":"3040.00"},{"$nulls":4},{"v":3040,"d":"3040.00"},null,{"v":3040,"d":"3040.00"}]
[10,null,"Barības galda nožogojums 82 tekoši metri",{"$nulls":5},{"v":2530,"d":"2530.00"},{"$nulls":4},{"v":2530,"d":"2530.00"},null,{"v":2530,"d":"2530.00"}]
[11,null,"Stacionārie nožogojumi 28 metri",{"$nulls":5},{"v":784,"d":"784.00"},{"$nulls":4},{"v":784,"d":"784.00"},null,{"v":784,"d":"784.00"}]
[12,null,"Jumta korīte 2,6metri x 46 metri",{"$nulls":5},{"v":10320,"d":"10320.00"},{"$nulls":4},{"v":10320,"d":"10320.00"},null,{"v":10320,"d":"10320.00"}]
[13,null,"Korītes sānu aizvari regulējami 46 metri",{"$nulls":5},{"v":1380,"d":"1380.00"},{"$nulls":4},{"v":1380,"d":"1380.00"},null,{"v":1380,"d":"1380.00"}]
[14,null,"Sānu aizkari ar manuālu atvēršanuno balta PVC materiāla 2,2metrix48 metri un 2,2 metri x33 metri",{"$nulls":5},{"v":10300,"d":"10300.00"},{"$nulls":4},{"v":10300,"d":"10300.00"},null,{"v":10300,"d":"10300.00"}]
["  ","  "," Kopā",null,"  ","  ","  ","  ","  ","  ","  ","  ","  ",{"$f":"SUM(N14:N27)","v":{"v":175124,"d":"175124.00"}},"  ",{"$f":"SUM(P14:P27)","v":{"v":175124,"d":"175124.00"}}]
["  ","  "," Materiālu, grunts apmaiņas un būvgružu transporta izdevumi",{"$nulls":10},{"$f":"N28*0.05","v":8756.2},"  ",{"$f":"N29","v":8756.2}]
["  ","  "," Tiešās izmaksas kopā",{"$nulls":11},"  ",{"$f":"P29+P28","v":{"v":183880.2,"d":"183880.20"}}]
["  ","  ","  ","  ",null,"  ",null,null,"  ",null,"  ","  ","  ",null,null,"  "]
[" Sastādīja",{"$nulls":5}," Pārbaudīja"]
[null,null," (paraksts un tā atšifrējums, datums)",{"$nulls":5}," (paraksts un tā atšifrējums, datums)"]

{"sheet":"Kopsavilkums","index":9,"n_rows":37,"n_cols":8,"rows_kept":37,"merged":[[0,0,0,7],[1,0,1,7],[2,2,2,5],[10,3,10,5],[13,0,14,0],[13,1,14,1],[13,2,14,2],[13,3,14,3],[13,4,13,6],[13,7,14,7]]}
[]
["Ferma 65 slaucamām govīm"]
[null,null,"(Darba veids vai konstruktīvā elementa nosaukums)"]
["Būves nosaukums Ferma 65 slaucamām govīm "]
["Objekta nosaukums: Lauksaimniecības ēka"]
["Objekta adrese: "]
["Pasūtījuma Nr."]
[]
[null,null,"Par kopējo summu, EUR",{"$f":"D30","v":{"v":431595.9869743149,"d":"431595.99"}}]
[null,null,"Kopējā darbietilpība, c/st ",{"$f":"H25","v":{"v":4500.685831,"d":"4500.69"}}]
[null,null,"Tāme sastādīta:","2015. gada 22. novembrī"]
[]
[]
[" Nr.p.k.","Kods, tāmes Nr.","Darba veids vai konstruktīvā elementa nosaukums","Tāmes izmaksa (EUR)","Tai skaitā:",null,null,"Darbietilpība ( c/h)"]
[{"$nulls":4},"Darba alga (EUR)"," Materiāli (EUR) ","Mehānismi (EUR)"]
["1.","1.","Būvlaukuma sagatavošana",{"$f":"'1. Būvlaukuma sagatavošana'!P26","v":{"v":4033.4910999999993,"d":"4033.49"}},{"$f":"'1. Būvlaukuma sagatavošana'!M26","v":{"v":74.8,"d":"74.80"}},{"$f":"'1. Būvlaukuma sagatavošana'!N26","v":{"v":3958.691099999999,"d":"3958.69"}},{"$f":"'1. Būvlaukuma sagatavošana'!O26","v":{"v":0,"d":"0.00"}},{"$f":"'1. Būvlaukuma sagatavošana'!L24","v":{"v":13.6,"d":"13.60"}}]
["2.","2.","Zemes darbi",{"$f":"'2. Zemes darbi'!P30","v":{"v":3752.4422825,"d":"3752.44"}},{"$f":"'2. Zemes darbi'!M30","v":{"v":1065.2422824999999,"d":"1065.24"}},{"$f":"'2. Zemes darbi'!N30","v":{"v":0,"d":"0.00"}},{"$f":"'2. Zemes darbi'!O30","v":{"v":2687.2,"d":"2687.20"}},{"$f":"'2. Zemes darbi'!L28","v":{"v":193.68041499999998,"d":"193.68"}}]
["3.","3.","Pamati",{"$f":"'3. Pamati'!P65","v":{"v":30931.7699469,"d":"30931.77"}},{"$f":"'3. Pamati'!M65","v":{"v":8832.947368,"d":"8832.95"}},{"$f":"'3. Pamati'!N65","v":{"v":14240.842578900001,"d":"14240.84"}},{"$f":"'3. Pamati'!O65","v":7857.98},{"$f":"'3. Pamati'!L63","v":{"v":1609.488976,"d":"1609.49"}}]
["4.","4.","Sienas",{"$f":"'5. Sienas'!P54","v":{"v":28272.869064999995,"d":"28272.87"}},{"$f":"'5. Sienas'!M54","v":{"v":3743.3891000000003,"d":"3743.39"}},{"$f":"'5. Sienas'!N54","v":{"v":24959.164964999996,"d":"24959.16"}},{"$f":"'5. Sienas'!O54","v":{"v":1400,"d":"1400.00"}},{"$f":"'5. Sienas'!L52","v":{"v":660.1762,"d":"660.18"}}]
["5.","5.","Pārsegums & Jumts",{"$f":"'6. Jumts'!P34","v":{"v":37738.219894999995,"d":"37738.22"}},{"$f":"'6. Jumts'!M34","v":{"v":7219.9325,"d":"7219.93"}},{"$f":"'6. Jumts'!N34","v":{"v":30249.187395,"d":"30249.19"}},{"$f":"'6. Jumts'!O34","v":{"v":186.60000000000002,"d":"186.60"}},{"$f":"'6. Jumts'!L32","v":{"v":1312.715,"d":"1312.72"}}]
["6.","6.","Ārsienu apdare",{"$f":"'4. Metāla konstrukcijas'!P47","v":{"v":73013.58152000002,"d":"73013.58"}},{"$f":"'4. Metāla konstrukcijas'!M47","v":{"v":715.42262,"d":"715.42"}},{"$f":"'4. Metāla konstrukcijas'!N47","v":{"v":70252.1589,"d":"70252.16"}},{"$f":"'4. Metāla konstrukcijas'!O47","v":{"v":2046,"d":"2046.00"}},{"$f":"'4. Metāla konstrukcijas'!L45","v":{"v":130.07683999999998,"d":"130.08"}}]
["7.","7.","Grīdas",{"$f":"'7. Grīdas'!P36","v":{"v":16778.459865,"d":"16778.46"}},{"$f":"'7. Grīdas'!M36","v":{"v":2689.0787,"d":"2689.08"}},{"$f":"'7. Grīdas'!N36","v":{"v":13509.381165,"d":"13509.38"}},{"$f":"'7. Grīdas'!O36","v":{"v":580,"d":"580.00"}},{"$f":"'7. Grīdas'!L34","v":{"v":488.9234,"d":"488.92"}}]
["8.","8.","Ailu aizpildījumi",{"$f":"'8. Ailu aizpildījumi'!P54","v":{"v":5143.6433099999995,"d":"5143.64"}},{"$f":"'8. Ailu aizpildījumi'!M54","v":{"v":506.13750000000005,"d":"506.14"}},{"$f":"'8. Ailu aizpildījumi'!N54","v":{"v":4637.50581,"d":"4637.51"}},{"$f":"'8. Ailu aizpildījumi'!O54","v":{"v":0,"d":"0.00"}},{"$f":"'8. Ailu aizpildījumi'!L52","v":{"v":92.02499999999999,"d":"92.03"}}]
["9.","9.","Aprīkojums",{"$f":"'9. Aprīkojums'!O9","v":{"v":183880.2,"d":"183880.20"}},{"v":0,"d":"0.00"},{"v":0,"d":"0.00"},{"v":0,"d":"0.00"},{"v":0,"d":"0.00"}]
["  ",null," Kopā",{"$f":"SUM(D16:D24)","v":{"v":383544.6769844,"d":"383544.68"}},{"$f":"SUM(E16:E23)","v":{"v":24846.9500705,"d":"24846.95"}},{"$f":"SUM(F16:F23)","v":{"v":161806.93191389999,"d":"161806.93"}},{"$f":"SUM(G16:G23)","v":14757.78},{"$f":"SUM(H16:H23)","v":{"v":4500.685831,"d":"4500.69"}}]
[null,null,"Virsizdevumi ( 5%)",{"$f":"D25*0.05","v":{"v":19177.233849220003,"d":"19177.23"}}]
[null,null,"T.sk.darba aizsardzība (1%)",{"$f":"D25*0.01","v":{"v":3835.4467698440003,"d":"3835.45"}}]
[null,null,"Peļņa (5%)",{"$f":"D25*0.05","v":{"v":19177.233849220003,"d":"19177.23"}}]
[null,null,"Darba devēja soc.nodoklis (23,59%)",{"$f":"E25*0.2359","v":{"v":5861.39552163095,"d":"5861.40"}}]
[null,null,"Pavisam kopā",{"$f":"SUM(D25:D29)","v":{"v":431595.9869743149,"d":"431595.99"}}]
[]
[]
[" Sastādīja"]
["  ",null," (paraksts un tā atšifrējums, datums)"]
[" Pārbaudīja"]
[null,null," (paraksts un tā atšifrējums, datums)"]
["Sertifikāta Nr.______________"]

{"sheet":"Koptāme","index":10,"n_rows":24,"n_cols":3,"rows_kept":24,"merged":[[6,0,6,2],[11,0,11,1],[12,0,12,2],[14,0,15,0],[14,1,15,1]]}
[null,null,"APSTIPRINU"]
[]
[null,null,"(pasūtītāja paraksts un tā atšifrējums)"]
[null,null,"Z.V."]
[null,null,"2013. gada 22. novembrī"]
[]
[]
[]
["Būves nosaukums Ferma 65 slaucamām govīm "]
["Objekta nosaukums: Lauksaimniecības ēka"]
["Objekta adrese: "]
["Pasūtījuma Nr.     "]
["Tāme sastādīta 2015. gada 22 novembrī"]
[]
[" Nr.p.k."," Objekta nosaukums"," Objekta izmaksas"]
[null,null,"(EUR)"]
["1.","Ferma 65 slaucamām govīm",{"$f":"C18","v":{"v":431595.9869743149,"d":"431595.99"}}]
[null,"Kopā",{"$f":"Kopsavilkums!D30","v":{"v":431595.9869743149,"d":"431595.99"}}]
[null," PVN (21%)",{"$f":"C18*0.21","v":{"v":90635.15726460612,"d":"90635.16"}}]
["  "," Kopā ar PVN",{"$f":"C18+C19","v":{"v":522231.144238921,"d":"522231.14"}}]
[]
[" Sastādīja"]
["  "," (paraksts un tā atšifrējums, datums)"]
["Sertifikāta Nr.______________"]

{"sheet":"Pasūtītāja koptāme","index":11,"n_rows":39,"n_cols":3,"rows_kept":39,"merged":[[6,0,6,2],[10,0,10,1],[14,0,15,0],[14,1,15,1]]}
[null,null,"APSTIPRINU"]
[]
[null,null,"(pasūtītāja paraksts un tā atšifrējums)"]
[null,null,"Z.V."]
[null,null,"2015. gada 22. novembrī"]
[]
[]
["Būves nosaukums Ferma 65 slaucamām govīm "]
["Objekta nosaukums: Lauksaimniecības ēka"]
["Objekta adrese: "]
["Pasūtījuma Nr.  "]
["Tāme sastādīta 2015. gada 22 novembrī"]
[]
[]
["Nr.p.k."," Objekta nosaukums"," Objekta izmaksas"]
[null,null,"(EUR)"]
[null,"Ferma 65 slaucamām govīm ",{"$f":"Koptāme!C17","v":{"v":431595.9869743149,"d":"431595.99"}}]
[null,"Kopā",{"$f":"C17","v":{"v":431595.9869743149,"d":"431595.99"}}]
[null,"Finanšu rezerve neparedzētiem darbiem (5%):",{"$f":"C18*0.05","v":{"v":21579.799348715747,"d":"21579.80"}}]
[null,"Pievienotās vērtības nodoklis (21% )",{"$f":"(C18+C19)*0.21","v":{"v":95166.91512783643,"d":"95166.92"}}]
[null," Pavisam būvniecības izmaksas",{"$f":"C18+C19+C20","v":{"v":548342.7014508671,"d":"548342.70"}}]
[null," Ar būvniecību saistītie pārējie izdevumi:"]
[null," būvuzraudzība 4%",{"$f":"0.04*C18","v":{"v":17263.839478972597,"d":"17263.84"}}]
[null," būvprojekta autoruzraudzība ",{"v":200,"d":"200.00"}]
[null," izpētes un projektēšanas darbi",{"$f":"180+2000","v":{"v":2180,"d":"2180.00"}}]
[null," būvprojekta ekspertīze ",{"v":200,"d":"200.00"}]
[null," Kopā",{"$f":"C21+C23+C24+C25+C26","v":{"v":568186.5409298397,"d":"568186.54"}}]
[]
[]
[" Sastādīja"]
["  "," (paraksts un tā atšifrējums, datums)"]
["Sertifikāta Nr.______________"]
[]
[" Pārbaudīja"]
[null," (paraksts un tā atšifrējums, datums)"]
["Sertifikāta Nr.______________"]
[]
["Būvprojekta vadītājs"]
[null," (paraksts un tā atšifrējums, datums)"]

{"sheet":"Tehniski ekonomiskie rādītāji","index":12,"n_rows":17,"n_cols":5,"rows_kept":17,"merged":[[1,0,1,4],[6,0,7,0],[6,1,7,1]]}
[]
[]
[]
["N.p.k","Nosaukums","Apzīmējums","Mērvienība","Aprēķina formula"]
[1,"Būvdarbu kopējās tāmes izmaksas bez PVN","C","EUR",{"$f":"Kopsavilkums!D30","v":{"v":431595.9869743149,"d":"431595.99"}}]
[2,"Tai sk. Tiešās tāmes izmaksas","C t","EUR",{"$f":"Kopsavilkums!D25","v":{"v":383544.6769844,"d":"383544.68"}}]
[3,"Normatīvā darbietilpība","Dn","C-st",{"$f":"Kopsavilkums!H25","v":{"v":4500.685831,"d":"4500.69"}}]
[null,null,"Dn'","C-d",{"$f":"E7/8","v":{"v":562.585728875,"d":"562.59"}}]
[4,"Dienas izstrāde","I","EUR/c-d",{"$f":"E6/E8","v":{"v":681.7532996284361,"d":"681.75"}}]
[5,"Kopājā strādnieku darba alga","A","EUR",{"$f":"Kopsavilkums!E25","v":{"v":24846.9500705,"d":"24846.95"}}]
[6,"Vidējais strādnieku skaits būvobjektā","L","cilv",{"v":4,"d":"4.00"}]
[7,"Vidējā strādnieka  dienas darba alga","Avid 1","EUR/c-d",{"$f":"E10/E8","v":{"v":44.1656245354576,"d":"44.17"}}]
[8,"Vidējā strādnieka  mēneša darba alga","Avid 2","EUR/mēn",{"$f":"E12*22","v":{"v":971.6437397800672,"d":"971.64"}}]
[9,"Normatīvais celtniecības ilgums","T","mēn",{"$f":"(E8/E11)/22","v":{"v":6.393019646306818,"d":"6.39"}}]
[10,"Ēkas kopējā platība","S","m2",1323.75]
[11,"Ēkas būvapjoms","V","m3",8451.82]
[12,"Slaucamās govs guļvietas izmaksas","c","EUR/guļvietā",4213.52]